Find The Mystery Country Using Hints - Randomized! - Statistics

General Stats
  • This quiz has been taken 1,184,243 times
  • The average score is 38 of 196
Answers on the Map
Answers color-coded by a green-red scale on the quiz's map according to % correct below.
 
Answer Stats
Country Country % Correct
Country United States
84%
Country United States
81%
Country Canada
79%
Country Mexico
77%
Country United States
74%
Country United States
73%
Country United States
72%
Country United States
71%
Country United States
70%
Country United States
69%
Country Canada
68%
Country China
68%
Country France
68%
Country United States
68%
Country United States
67%
Country Canada
66%
Country Russia
66%
Country Brazil
65%
Country China
65%
Country United States
65%
Country Canada
64%
Country France
63%
Country Russia
63%
Country United States
63%
Country China
62%
Country Finland
62%
Country France
62%
Country United Kingdom
62%
Country United States
62%
Country Argentina
61%
Country Canada
61%
Country China
61%
Country Colombia
61%
Country Germany
61%
Country Russia
61%
Country United States
61%
Country Australia
60%
Country Canada
60%
Country Chile
60%
Country China
60%
Country Mexico
60%
Country Peru
60%
Country Russia
60%
Country Australia
59%
Country Bolivia
59%
Country Brazil
59%
Country Canada
59%
Country China
59%
Country India
59%
Country Russia
59%
Country Spain
59%
Country United States
59%
Country China
58%
Country Ecuador
58%
Country France
58%
Country Germany
58%
Country Panama
58%
Country Paraguay
58%
Country Russia
58%
Country Suriname
58%
Country United States
58%
Country Uruguay
58%
Country Venezuela
58%
Country Canada
57%
Country China
57%
Country Guyana
57%
Country Italy
57%
Country Japan
57%
Country Russia
57%
Country United Kingdom
57%
Country United States
57%
Country Canada
56%
Country China
56%
Country Cuba
56%
Country Finland
56%
Country Monaco
56%
Country Mongolia
56%
Country Morocco
56%
Country Russia
56%
Country Sweden
56%
Country United States
56%
Country Algeria
55%
Country Belize
55%
Country China
55%
Country Costa Rica
55%
Country Denmark
55%
Country Egypt
55%
Country Fiji
55%
Country Guatemala
55%
Country Haiti
55%
Country Honduras
55%
Country Indonesia
55%
Country Ireland
55%
Country Laos
55%
Country Latvia
55%
Country Malaysia
55%
Country Mali
55%
Country Mexico
55%
Country New Zealand
55%
Country Norway
55%
Country Poland
55%
Country Portugal
55%
Country Russia
55%
Country South Africa
55%
Country Spain
55%
Country Trinidad and Tobago
55%
Country Ukraine
55%
Country United States
55%
Country Albania
54%
Country Andorra
54%
Country Antigua and Barbuda
54%
Country Armenia
54%
Country Austria
54%
Country Bahamas
54%
Country Barbados
54%
Country Belgium
54%
Country Bosnia and Herzegovina
54%
Country Botswana
54%
Country Cambodia
54%
Country Chad
54%
Country China
54%
Country Croatia
54%
Country Democratic Republic of the Congo
54%
Country Dominica
54%
Country Dominican Republic
54%
Country El Salvador
54%
Country France
54%
Country Georgia
54%
Country Germany
54%
Country Ghana
54%
Country Grenada
54%
Country Iceland
54%
Country Iran
54%
Country Iraq
54%
Country Jamaica
54%
Country Kenya
54%
Country Kosovo
54%
Country Libya
54%
Country Malawi
54%
Country Malta
54%
Country Mauritania
54%
Country Mauritius
54%
Country Moldova
54%
Country Montenegro
54%
Country Mozambique
54%
Country Myanmar
54%
Country Nepal
54%
Country Netherlands
54%
Country Nicaragua
54%
Country Niger
54%
Country North Korea
54%
Country Oman
54%
Country Pakistan
54%
Country Philippines
54%
Country Republic of the Congo
54%
Country Romania
54%
Country Russia
54%
Country Saint Kitts and Nevis
54%
Country Saint Lucia
54%
Country Saudi Arabia
54%
Country Singapore
54%
Country Slovakia
54%
Country South Korea
54%
Country Switzerland
54%
Country Taiwan
54%
Country Thailand
54%
Country Togo
54%
Country Turkey
54%
Country United Arab Emirates
54%
Country United States
54%
Country Vietnam
54%
Country Zimbabwe
54%
Country Afghanistan
53%
Country Angola
53%
Country Australia
53%
Country Azerbaijan
53%
Country Bahrain
53%
Country Bangladesh
53%
Country Belarus
53%
Country Benin
53%
Country Bhutan
53%
Country Brunei
53%
Country Bulgaria
53%
Country Burkina Faso
53%
Country Burundi
53%
Country Cameroon
53%
Country Cape Verde
53%
Country Central African Republic
53%
Country China
53%
Country Comoros
53%
Country Cyprus
53%
Country Czechia
53%
Country Djibouti
53%
Country East Timor
53%
Country Equatorial Guinea
53%
Country Eritrea
53%
Country Estonia
53%
Country Eswatini
53%
Country Ethiopia
53%
Country Federated States of Micronesia
53%
Country France
53%
Country Gabon
53%
Country Gambia
53%
Country Greece
53%
Country Guinea
53%
Country Guinea-Bissau
53%
Country Hungary
53%
Country Israel
53%
Country Italy
53%
Country Ivory Coast
53%
Country Jordan
53%
Country Kazakhstan
53%
Country Kiribati
53%
Country Kuwait
53%
Country Kyrgyzstan
53%
Country Lebanon
53%
Country Lesotho
53%
Country Liberia
53%
Country Liechtenstein
53%
Country Lithuania
53%
Country Luxembourg
53%
Country Madagascar
53%
Country Maldives
53%
Country Marshall Islands
53%
Country Mystery Country (Mexico)
53%
Country Namibia
53%
Country Nauru
53%
Country Nigeria
53%
Country North Macedonia
53%
Country Palau
53%
Country Papua New Guinea
53%
Country Qatar
53%
Country Russia
53%
Country Rwanda
53%
Country Saint Vincent and the Grenadines
53%
Country Samoa
53%
Country San Marino
53%
Country São Tomé and Principe
53%
Country Senegal
53%
Country Serbia
53%
Country Seychelles
53%
Country Sierra Leone
53%
Country Slovenia
53%
Country Solomon Islands
53%
Country Somalia
53%
Country South Sudan
53%
Country Sri Lanka
53%
Country Sudan
53%
Country Syria
53%
Country Tajikistan
53%
Country Tanzania
53%
Country Tonga
53%
Country Tunisia
53%
Country Turkmenistan
53%
Country Tuvalu
53%
Country Uganda
53%
Country United States
53%
Country Uzbekistan
53%
Country Vanuatu
53%
Country Vatican City
53%
Country Yemen
53%
Country Zambia
53%
Country Brazil
52%
Country China
52%
Country Germany
52%
Country Panama
52%
Country Russia
52%
Country United States
52%
Country France
51%
Country Germany
51%
Country India
51%
Country Mexico
51%
Country Russia
51%
Country United Kingdom
51%
Country United States
51%
Country Australia
50%
Country Canada
50%
Country Cuba
50%
Country India
50%
Country Mexico
50%
Country Russia
50%
Country Spain
50%
Country Sweden
50%
Country United Kingdom
50%
Country United States
50%
Country Belgium
49%
Country Brazil
49%
Country Germany
49%
Country India
49%
Country Japan
49%
Country Mexico
49%
Country New Zealand
49%
Country Norway
49%
Country Poland
49%
Country Portugal
49%
Country Uganda
49%
Country United States
49%
Country Uzbekistan
49%
Country Argentina
48%
Country Brazil
48%
Country China
48%
Country Denmark
48%
Country France
48%
Country Greece
48%
Country United Kingdom
48%
Country Uruguay
48%
Country Australia
47%
Country Austria
47%
Country China
47%
Country Colombia
47%
Country Finland
47%
Country Kazakhstan
47%
Country Netherlands
47%
Country Pakistan
47%
Country United Kingdom
47%
Country Albania
46%
Country Belarus
46%
Country Brazil
46%
Country Chile
46%
Country China
46%
Country Croatia
46%
Country Estonia
46%
Country France
46%
Country India
46%
Country Latvia
46%
Country Lithuania
46%
Country Mexico
46%
Country Mongolia
46%
Country Russia
46%
Country South Africa
46%
Country Spain
46%
Country Switzerland
46%
Country Turkey
46%
Country United Arab Emirates
46%
Country United Kingdom
46%
Country Algeria
45%
Country Australia
45%
Country Bosnia and Herzegovina
45%
Country Brazil
45%
Country Chile
45%
Country China
45%
Country Czechia
45%
Country Democratic Republic of the Congo
45%
Country Egypt
45%
Country Fiji
45%
Country Finland
45%
Country France
45%
Country Guatemala
45%
Country Hungary
45%
Country Iceland
45%
Country India
45%
Country Indonesia
45%
Country Iran
45%
Country Ireland
45%
Country Italy
45%
Country Kazakhstan
45%
Country Luxembourg
45%
Country Mexico
45%
Country Pakistan
45%
Country Panama
45%
Country Peru
45%
Country Romania
45%
Country Russia
45%
Country Serbia
45%
Country Slovakia
45%
Country Afghanistan
44%
Country Andorra
44%
Country Angola
44%
Country Armenia
44%
Country Azerbaijan
44%
Country Bahamas
44%
Country Belize
44%
Country Bhutan
44%
Country Bolivia
44%
Country Botswana
44%
Country Bulgaria
44%
Country Cambodia
44%
Country Canada
44%
Country Chad
44%
Country China
44%
Country Costa Rica
44%
Country Cuba
44%
Country Cyprus
44%
Country Dominican Republic
44%
Country France
44%
Country Georgia
44%
Country Germany
44%
Country Haiti
44%
Country Honduras
44%
Country Iran
44%
Country Iraq
44%
Country Israel
44%
Country Italy
44%
Country Jamaica
44%
Country Japan
44%
Country Jordan
44%
Country Kosovo
44%
Country Laos
44%
Country Lebanon
44%
Country Libya
44%
Country Malaysia
44%
Country Mali
44%
Country Malta
44%
Country Mexico
44%
Country Moldova
44%
Country Monaco
44%
Country Morocco
44%
Country Myanmar
44%
Country Nepal
44%
Country New Zealand
44%
Country Niger
44%
Country Nigeria
44%
Country North Korea
44%
Country Oman
44%
Country Paraguay
44%
Country Philippines
44%
Country Republic of the Congo
44%
Country Saudi Arabia
44%
Country Singapore
44%
Country Slovenia
44%
Country South Africa
44%
Country South Korea
44%
Country Sri Lanka
44%
Country Sudan
44%
Country Taiwan
44%
Country Thailand
44%
Country United Kingdom
44%
Country Venezuela
44%
Country Vietnam
44%
Country Antigua and Barbuda
43%
Country Australia
43%
Country Bahrain
43%
Country Bangladesh
43%
Country Barbados
43%
Country Benin
43%
Country Brunei
43%
Country Burkina Faso
43%
Country Burundi
43%
Country Cameroon
43%
Country Cape Verde
43%
Country Central African Republic
43%
Country China
43%
Country Colombia
43%
Country Comoros
43%
Country Djibouti
43%
Country Dominica
43%
Country East Timor
43%
Country Ecuador
43%
Country El Salvador
43%
Country Equatorial Guinea
43%
Country Eritrea
43%
Country Eswatini
43%
Country Ethiopia
43%
Country Federated States of Micronesia
43%
Country France
43%
Country Gabon
43%
Country Gambia
43%
Country Ghana
43%
Country Grenada
43%
Country Guatemala
43%
Country Guinea
43%
Country Guinea-Bissau
43%
Country Guyana
43%
Country Honduras
43%
Country India
43%
Country Italy
43%
Country Ivory Coast
43%
Country Japan
43%
Country Kenya
43%
Country Kiribati
43%
Country Kuwait
43%
Country Kyrgyzstan
43%
Country Lesotho
43%
Country Liberia
43%
Country Liechtenstein
43%
Country Madagascar
43%
Country Malawi
43%
Country Maldives
43%
Country Marshall Islands
43%
Country Mauritania
43%
Country Mauritius
43%
Country Montenegro
43%
Country Mozambique
43%
Country Mystery Country (United Kingdom)
43%
Country Namibia
43%
Country Nauru
43%
Country Nicaragua
43%
Country North Macedonia
43%
Country Palau
43%
Country Papua New Guinea
43%
Country Qatar
43%
Country Rwanda
43%
Country Saint Kitts and Nevis
43%
Country Saint Lucia
43%
Country Saint Vincent and the Grenadines
43%
Country Samoa
43%
Country San Marino
43%
Country São Tomé and Principe
43%
Country Senegal
43%
Country Seychelles
43%
Country Sierra Leone
43%
Country Solomon Islands
43%
Country Somalia
43%
Country South Sudan
43%
Country Suriname
43%
Country Syria
43%
Country Tajikistan
43%
Country Tanzania
43%
Country Togo
43%
Country Tonga
43%
Country Trinidad and Tobago
43%
Country Tunisia
43%
Country Turkmenistan
43%
Country Tuvalu
43%
Country Ukraine
43%
Country United Kingdom
43%
Country Vanuatu
43%
Country Vatican City
43%
Country Yemen
43%
Country Zambia
43%
Country Zimbabwe
43%
Country Albania
42%
Country Austria
42%
Country Brazil
42%
Country Canada
42%
Country China
42%
Country France
42%
Country India
42%
Country Uzbekistan
42%
Country Canada
41%
Country China
41%
Country Costa Rica
41%
Country Finland
41%
Country France
41%
Country Germany
41%
Country India
41%
Country Russia
41%
Country Spain
41%
Country Turkmenistan
41%
Country United Kingdom
41%
Country Belize
40%
Country Canada
40%
Country France
40%
Country Jamaica
40%
Country Japan
40%
Country Mexico
40%
Country Nicaragua
40%
Country Panama
40%
Country Peru
40%
Country Tajikistan
40%
Country Australia
39%
Country Brazil
39%
Country Canada
39%
Country China
39%
Country Colombia
39%
Country Cuba
39%
Country Finland
39%
Country France
39%
Country India
39%
Country Japan
39%
Country Mongolia
39%
Country Poland
39%
Country South Africa
39%
Country Sweden
39%
Country United Kingdom
39%
Country Argentina
38%
Country Australia
38%
Country Brazil
38%
Country Canada
38%
Country Croatia
38%
Country France
38%
Country Germany
38%
Country India
38%
Country Japan
38%
Country Kyrgyzstan
38%
Country Mexico
38%
Country Mongolia
38%
Country Norway
38%
Country Serbia
38%
Country Andorra
37%
Country Argentina
37%
Country Bolivia
37%
Country Bosnia and Herzegovina
37%
Country Bulgaria
37%
Country China
37%
Country Cuba
37%
Country Denmark
37%
Country El Salvador
37%
Country Fiji
37%
Country Finland
37%
Country France
37%
Country Greece
37%
Country India
37%
Country Ireland
37%
Country Italy
37%
Country Japan
37%
Country Latvia
37%
Country Nauru
37%
Country Niger
37%
Country Panama
37%
Country Poland
37%
Country Portugal
37%
Country Romania
37%
Country Russia
37%
Country Slovakia
37%
Country Slovenia
37%
Country Spain
37%
Country Sweden
37%
Country United Kingdom
37%
Country Algeria
36%
Country Austria
36%
Country Bahamas
36%
Country Canada
36%
Country Chad
36%
Country Colombia
36%
Country Cuba
36%
Country Democratic Republic of the Congo
36%
Country Egypt
36%
Country Estonia
36%
Country Finland
36%
Country France
36%
Country Germany
36%
Country Haiti
36%
Country Iceland
36%
Country Ireland
36%
Country Japan
36%
Country Lithuania
36%
Country South Africa
36%
Country Spain
36%
Country Sweden
36%
Country United Kingdom
36%
Country Albania
35%
Country Algeria
35%
Country Argentina
35%
Country Armenia
35%
Country Belgium
35%
Country Brazil
35%
Country Canada
35%
Country Chile
35%
Country China
35%
Country Czechia
35%
Country Denmark
35%
Country Finland
35%
Country France
35%
Country Germany
35%
Country Guatemala
35%
Country Hungary
35%
Country India
35%
Country Indonesia
35%
Country Italy
35%
Country Japan
35%
Country Kazakhstan
35%
Country Mexico
35%
Country Moldova
35%
Country Mongolia
35%
Country Nepal
35%
Country Netherlands
35%
Country Nigeria
35%
Country Norway
35%
Country Peru
35%
Country Poland
35%
Country Portugal
35%
Country Spain
35%
Country Ukraine
35%
Country United Kingdom
35%
Country Uruguay
35%
Country Angola
34%
Country Argentina
34%
Country Australia
34%
Country Brazil
34%
Country Cambodia
34%
Country Canada
34%
Country Colombia
34%
Country Democratic Republic of the Congo
34%
Country Finland
34%
Country France
34%
Country Germany
34%
Country Guatemala
34%
Country India
34%
Country Indonesia
34%
Country Italy
34%
Country Japan
34%
Country Kazakhstan
34%
Country Kiribati
34%
Country Malta
34%
Country Mexico
34%
Country Mongolia
34%
Country Namibia
34%
Country Netherlands
34%
Country Nicaragua
34%
Country Niger
34%
Country North Macedonia
34%
Country Palau
34%
Country Panama
34%
Country Papua New Guinea
34%
Country Paraguay
34%
Country Portugal
34%
Country Republic of the Congo
34%
Country South Africa
34%
Country Spain
34%
Country Switzerland
34%
Country Thailand
34%
Country Turkey
34%
Country Tuvalu
34%
Country Ukraine
34%
Country Vietnam
34%
Country Andorra
33%
Country Australia
33%
Country Austria
33%
Country Belgium
33%
Country Bolivia
33%
Country Brazil
33%
Country Cambodia
33%
Country Canada
33%
Country Chad
33%
Country Chile
33%
Country Cuba
33%
Country Dominican Republic
33%
Country Ecuador
33%
Country Egypt
33%
Country Federated States of Micronesia
33%
Country France
33%
Country Ghana
33%
Country Iceland
33%
Country Iran
33%
Country Italy
33%
Country Kazakhstan
33%
Country Kenya
33%
Country Kosovo
33%
Country Laos
33%
Country Libya
33%
Country Marshall Islands
33%
Country Mexico
33%
Country Mongolia
33%
Country Morocco
33%
Country Namibia
33%
Country Nepal
33%
Country Nigeria
33%
Country North Korea
33%
Country Norway
33%
Country Pakistan
33%
Country Panama
33%
Country Papua New Guinea
33%
Country Republic of the Congo
33%
Country Samoa
33%
Country Saudi Arabia
33%
Country Solomon Islands
33%
Country Somalia
33%
Country South Africa
33%
Country Spain
33%
Country Switzerland
33%
Country Tonga
33%
Country Turkey
33%
Country Uganda
33%
Country United Kingdom
33%
Country Vanuatu
33%
Country Venezuela
33%
Country Albania
32%
Country Angola
32%
Country Antigua and Barbuda
32%
Country Argentina
32%
Country Australia
32%
Country Azerbaijan
32%
Country Belarus
32%
Country Bhutan
32%
Country Bolivia
32%
Country Botswana
32%
Country Brazil
32%
Country Canada
32%
Country Croatia
32%
Country Cuba
32%
Country Dominican Republic
32%
Country Estonia
32%
Country Ethiopia
32%
Country Fiji
32%
Country Finland
32%
Country France
32%
Country Georgia
32%
Country Germany
32%
Country Ghana
32%
Country Greece
32%
Country Guatemala
32%
Country Haiti
32%
Country Honduras
32%
Country India
32%
Country Iran
32%
Country Iraq
32%
Country Ireland
32%
Country Italy
32%
Country Jamaica
32%
Country Kazakhstan
32%
Country Kenya
32%
Country Latvia
32%
Country Liberia
32%
Country Lithuania
32%
Country Luxembourg
32%
Country Mali
32%
Country Monaco
32%
Country Montenegro
32%
Country New Zealand
32%
Country Nicaragua
32%
Country Norway
32%
Country Oman
32%
Country Pakistan
32%
Country Panama
32%
Country Peru
32%
Country Philippines
32%
Country Rwanda
32%
Country South Africa
32%
Country South Korea
32%
Country Spain
32%
Country Sudan
32%
Country Tanzania
32%
Country Tunisia
32%
Country United Arab Emirates
32%
Country United Kingdom
32%
Country Uruguay
32%
Country Venezuela
32%
Country Vietnam
32%
Country Zambia
32%
Country Afghanistan
31%
Country Andorra
31%
Country Antigua and Barbuda
31%
Country Armenia
31%
Country Australia
31%
Country Azerbaijan
31%
Country Bahamas
31%
Country Bahrain
31%
Country Bangladesh
31%
Country Barbados
31%
Country Belarus
31%
Country Belize
31%
Country Benin
31%
Country Bhutan
31%
Country Bolivia
31%
Country Botswana
31%
Country Brazil
31%
Country Brunei
31%
Country Bulgaria
31%
Country Burkina Faso
31%
Country Burundi
31%
Country Cambodia
31%
Country Cameroon
31%
Country Cape Verde
31%
Country Central African Republic
31%
Country Colombia
31%
Country Comoros
31%
Country Costa Rica
31%
Country Croatia
31%
Country Cyprus
31%
Country Czechia
31%
Country Democratic Republic of the Congo
31%
Country Denmark
31%
Country Djibouti
31%
Country Dominica
31%
Country Ecuador
31%
Country Egypt
31%
Country El Salvador
31%
Country Equatorial Guinea
31%
Country Eritrea
31%
Country Eswatini
31%
Country Ethiopia
31%
Country Federated States of Micronesia
31%
Country France
31%
Country Gabon
31%
Country Gambia
31%
Country Germany
31%
Country Grenada
31%
Country Guatemala
31%
Country Guinea
31%
Country Guinea-Bissau
31%
Country Guyana
31%
Country Haiti
31%
Country Honduras
31%
Country Hungary
31%
Country Indonesia
31%
Country Iraq
31%
Country Ireland
31%
Country Israel
31%
Country Italy
31%
Country Jamaica
31%
Country Jordan
31%
Country Kazakhstan
31%
Country Kuwait
31%
Country Lebanon
31%
Country Lesotho
31%
Country Liberia
31%
Country Liechtenstein
31%
Country Luxembourg
31%
Country Madagascar
31%
Country Malawi
31%
Country Malaysia
31%
Country Marshall Islands
31%
Country Mauritania
31%
Country Mexico
31%
Country Mongolia
31%
Country Mozambique
31%
Country Myanmar
31%
Country Nauru
31%
Country Nepal
31%
Country Nicaragua
31%
Country North Korea
31%
Country North Macedonia
31%
Country Norway
31%
Country Oman
31%
Country Palau
31%
Country Panama
31%
Country Papua New Guinea
31%
Country Paraguay
31%
Country Peru
31%
Country Philippines
31%
Country Poland
31%
Country Portugal
31%
Country Qatar
31%
Country Romania
31%
Country Rwanda
31%
Country Saint Kitts and Nevis
31%
Country Saint Lucia
31%
Country Saint Vincent and the Grenadines
31%
Country Samoa
31%
Country San Marino
31%
Country Saudi Arabia
31%
Country Senegal
31%
Country Sierra Leone
31%
Country Singapore
31%
Country Somalia
31%
Country South Africa
31%
Country South Korea
31%
Country South Sudan
31%
Country Spain
31%
Country Sri Lanka
31%
Country Suriname
31%
Country Sweden
31%
Country Syria
31%
Country Taiwan
31%
Country Tajikistan
31%
Country Tanzania
31%
Country Thailand
31%
Country Togo
31%
Country Tonga
31%
Country Trinidad and Tobago
31%
Country Tunisia
31%
Country Turkmenistan
31%
Country Tuvalu
31%
Country Uganda
31%
Country Ukraine
31%
Country United Kingdom
31%
Country Uruguay
31%
Country Uzbekistan
31%
Country Vatican City
31%
Country Venezuela
31%
Country Yemen
31%
Country Zimbabwe
31%
Country Algeria
30%
Country Antigua and Barbuda
30%
Country Argentina
30%
Country Australia
30%
Country Austria
30%
Country Azerbaijan
30%
Country Bahrain
30%
Country Bangladesh
30%
Country Barbados
30%
Country Belgium
30%
Country Bolivia
30%
Country Bosnia and Herzegovina
30%
Country Brazil
30%
Country Brunei
30%
Country Burkina Faso
30%
Country Burundi
30%
Country Canada
30%
Country Cape Verde
30%
Country Chile
30%
Country Comoros
30%
Country Costa Rica
30%
Country Cuba
30%
Country Cyprus
30%
Country Democratic Republic of the Congo
30%
Country Djibouti
30%
Country East Timor
30%
Country Egypt
30%
Country Equatorial Guinea
30%
Country Eritrea
30%
Country Estonia
30%
Country Eswatini
30%
Country Finland
30%
Country France
30%
Country Gabon
30%
Country Gambia
30%
Country Georgia
30%
Country Germany
30%
Country Greece
30%
Country Grenada
30%
Country Guatemala
30%
Country Guinea
30%
Country Guinea-Bissau
30%
Country Honduras
30%
Country India
30%
Country Israel
30%
Country Ivory Coast
30%
Country Japan
30%
Country Kiribati
30%
Country Kosovo
30%
Country Kuwait
30%
Country Kyrgyzstan
30%
Country Laos
30%
Country Lebanon
30%
Country Lesotho
30%
Country Malawi
30%
Country Maldives
30%
Country Malta
30%
Country Mauritania
30%
Country Mauritius
30%
Country Moldova
30%
Country Monaco
30%
Country Mongolia
30%
Country Montenegro
30%
Country Mozambique
30%
Country Mystery Country (New Zealand)
30%
Country Mystery Country (Russia)
30%
Country New Zealand
30%
Country Nicaragua
30%
Country Niger
30%
Country Pakistan
30%
Country Palau
30%
Country Peru
30%
Country Poland
30%
Country Portugal
30%
Country Qatar
30%
Country Republic of the Congo
30%
Country Saint Kitts and Nevis
30%
Country Saint Lucia
30%
Country Saint Vincent and the Grenadines
30%
Country Samoa
30%
Country San Marino
30%
Country São Tomé and Principe
30%
Country Senegal
30%
Country Serbia
30%
Country Seychelles
30%
Country Sierra Leone
30%
Country Slovakia
30%
Country Slovenia
30%
Country Solomon Islands
30%
Country South Africa
30%
Country Spain
30%
Country Sri Lanka
30%
Country Switzerland
30%
Country Syria
30%
Country Tajikistan
30%
Country Thailand
30%
Country Trinidad and Tobago
30%
Country Turkey
30%
Country Turkmenistan
30%
Country United Kingdom
30%
Country Uzbekistan
30%
Country Vanuatu
30%
Country Vatican City
30%
Country Zambia
30%
Country Afghanistan
29%
Country Algeria
29%
Country Australia
29%
Country Belarus
29%
Country Belize
29%
Country Brazil
29%
Country Cambodia
29%
Country Canada
29%
Country Chad
29%
Country Chile
29%
Country Costa Rica
29%
Country Democratic Republic of the Congo
29%
Country Denmark
29%
Country Egypt
29%
Country Fiji
29%
Country Finland
29%
Country France
29%
Country Germany
29%
Country Ghana
29%
Country Greece
29%
Country Guatemala
29%
Country Guyana
29%
Country Haiti
29%
Country Iceland
29%
Country India
29%
Country Iran
29%
Country Ireland
29%
Country Italy
29%
Country Jamaica
29%
Country Kazakhstan
29%
Country Laos
29%
Country Latvia
29%
Country Lithuania
29%
Country Mongolia
29%
Country Morocco
29%
Country Netherlands
29%
Country Nicaragua
29%
Country North Korea
29%
Country Norway
29%
Country Pakistan
29%
Country Paraguay
29%
Country Portugal
29%
Country Republic of the Congo
29%
Country Romania
29%
Country Serbia
29%
Country South Africa
29%
Country South Korea
29%
Country Spain
29%
Country Sweden
29%
Country Thailand
29%
Country Uganda
29%
Country Ukraine
29%
Country United Kingdom
29%
Country Uruguay
29%
Country Uzbekistan
29%
Country Venezuela
29%
Country Vietnam
29%
Country Afghanistan
28%
Country Albania
28%
Country Angola
28%
Country Argentina
28%
Country Armenia
28%
Country Australia
28%
Country Bahamas
28%
Country Bangladesh
28%
Country Barbados
28%
Country Belarus
28%
Country Belgium
28%
Country Bhutan
28%
Country Bosnia and Herzegovina
28%
Country Brazil
28%
Country Bulgaria
28%
Country Cambodia
28%
Country Canada
28%
Country Central African Republic
28%
Country Chad
28%
Country Chile
28%
Country Croatia
28%
Country Czechia
28%
Country Democratic Republic of the Congo
28%
Country Dominica
28%
Country Dominican Republic
28%
Country Ecuador
28%
Country Egypt
28%
Country El Salvador
28%
Country Estonia
28%
Country Federated States of Micronesia
28%
Country Fiji
28%
Country France
28%
Country Georgia
28%
Country Germany
28%
Country Grenada
28%
Country Hungary
28%
Country Iceland
28%
Country India
28%
Country Indonesia
28%
Country Iran
28%
Country Iraq
28%
Country Israel
28%
Country Italy
28%
Country Jamaica
28%
Country Japan
28%
Country Kazakhstan
28%
Country Kenya
28%
Country Lebanon
28%
Country Lesotho
28%
Country Libya
28%
Country Luxembourg
28%
Country Malaysia
28%
Country Mexico
28%
Country Moldova
28%
Country Mongolia
28%
Country Morocco
28%
Country Myanmar
28%
Country Namibia
28%
Country Nauru
28%
Country Nepal
28%
Country New Zealand
28%
Country Nicaragua
28%
Country Niger
28%
Country Nigeria
28%
Country Norway
28%
Country Oman
28%
Country Panama
28%
Country Paraguay
28%
Country Philippines
28%
Country Poland
28%
Country Portugal
28%
Country Romania
28%
Country Saudi Arabia
28%
Country Serbia
28%
Country Singapore
28%
Country Slovakia
28%
Country Slovenia
28%
Country Somalia
28%
Country South Africa
28%
Country South Korea
28%
Country Sudan
28%
Country Suriname
28%
Country Sweden
28%
Country Switzerland
28%
Country Taiwan
28%
Country Tajikistan
28%
Country Tanzania
28%
Country Thailand
28%
Country Tonga
28%
Country Trinidad and Tobago
28%
Country Tunisia
28%
Country Turkey
28%
Country Turkmenistan
28%
Country United Arab Emirates
28%
Country Uruguay
28%
Country Yemen
28%
Country Afghanistan
27%
Country Algeria
27%
Country Andorra
27%
Country Argentina
27%
Country Australia
27%
Country Austria
27%
Country Azerbaijan
27%
Country Bahamas
27%
Country Bahrain
27%
Country Bangladesh
27%
Country Barbados
27%
Country Belgium
27%
Country Belize
27%
Country Benin
27%
Country Bhutan
27%
Country Botswana
27%
Country Brunei
27%
Country Bulgaria
27%
Country Burkina Faso
27%
Country Burundi
27%
Country Cambodia
27%
Country Cameroon
27%
Country Cape Verde
27%
Country Central African Republic
27%
Country Chile
27%
Country Colombia
27%
Country Comoros
27%
Country Costa Rica
27%
Country Croatia
27%
Country Cuba
27%
Country Cyprus
27%
Country Czechia
27%
Country Democratic Republic of the Congo
27%
Country Denmark
27%
Country Djibouti
27%
Country Dominica
27%
Country Dominican Republic
27%
Country East Timor
27%
Country Ecuador
27%
Country Egypt
27%
Country Equatorial Guinea
27%
Country Eritrea
27%
Country Estonia
27%
Country Eswatini
27%
Country Ethiopia
27%
Country Federated States of Micronesia
27%
Country Finland
27%
Country Gabon
27%
Country Gambia
27%
Country Germany
27%
Country Greece
27%
Country Guatemala
27%
Country Guinea
27%
Country Guinea-Bissau
27%
Country Guyana
27%
Country Haiti
27%
Country Honduras
27%
Country Hungary
27%
Country Iceland
27%
Country India
27%
Country Indonesia
27%
Country Iran
27%
Country Iraq
27%
Country Ireland
27%
Country Italy
27%
Country Ivory Coast
27%
Country Jamaica
27%
Country Japan
27%
Country Jordan
27%
Country Kazakhstan
27%
Country Kenya
27%
Country Kiribati
27%
Country Kosovo
27%
Country Kuwait
27%
Country Kyrgyzstan
27%
Country Laos
27%
Country Latvia
27%
Country Liberia
27%
Country Liechtenstein
27%
Country Lithuania
27%
Country Madagascar
27%
Country Malawi
27%
Country Maldives
27%
Country Mali
27%
Country Malta
27%
Country Marshall Islands
27%
Country Mauritania
27%
Country Mauritius
27%
Country Mexico
27%
Country Monaco
27%
Country Mongolia
27%
Country Montenegro
27%
Country Mozambique
27%
Country Myanmar
27%
Country Mystery Country (Argentina)
27%
Country Nauru
27%
Country Nepal
27%
Country Netherlands
27%
Country Nicaragua
27%
Country Nigeria
27%
Country North Korea
27%
Country North Macedonia
27%
Country Norway
27%
Country Pakistan
27%
Country Palau
27%
Country Papua New Guinea
27%
Country Peru
27%
Country Philippines
27%
Country Qatar
27%
Country Republic of the Congo
27%
Country Romania
27%
Country Rwanda
27%
Country Saint Kitts and Nevis
27%
Country Saint Lucia
27%
Country Saint Vincent and the Grenadines
27%
Country Samoa
27%
Country San Marino
27%
Country São Tomé and Principe
27%
Country Saudi Arabia
27%
Country Senegal
27%
Country Serbia
27%
Country Seychelles
27%
Country Sierra Leone
27%
Country Slovenia
27%
Country Solomon Islands
27%
Country South Africa
27%
Country South Sudan
27%
Country Spain
27%
Country Sri Lanka
27%
Country Sudan
27%
Country Suriname
27%
Country Switzerland
27%
Country Syria
27%
Country Tajikistan
27%
Country Thailand
27%
Country Togo
27%
Country Tonga
27%
Country Trinidad and Tobago
27%
Country Turkey
27%
Country Turkmenistan
27%
Country Tuvalu
27%
Country Uganda
27%
Country Ukraine
27%
Country United Arab Emirates
27%
Country United Kingdom
27%
Country Uzbekistan
27%
Country Vanuatu
27%
Country Vatican City
27%
Country Vietnam
27%
Country Zambia
27%
Country Zimbabwe
27%
Country Albania
26%
Country Algeria
26%
Country Antigua and Barbuda
26%
Country Argentina
26%
Country Armenia
26%
Country Australia
26%
Country Austria
26%
Country Azerbaijan
26%
Country Bahamas
26%
Country Bahrain
26%
Country Bangladesh
26%
Country Barbados
26%
Country Belarus
26%
Country Belgium
26%
Country Bhutan
26%
Country Bosnia and Herzegovina
26%
Country Botswana
26%
Country Brazil
26%
Country Cambodia
26%
Country Canada
26%
Country Chad
26%
Country Chile
26%
Country Comoros
26%
Country Cyprus
26%
Country Democratic Republic of the Congo
26%
Country Denmark
26%
Country Dominica
26%
Country Egypt
26%
Country El Salvador
26%
Country Ethiopia
26%
Country Fiji
26%
Country Finland
26%
Country Georgia
26%
Country Germany
26%
Country Ghana
26%
Country Greece
26%
Country Grenada
26%
Country Guatemala
26%
Country Guinea
26%
Country Hungary
26%
Country Iceland
26%
Country India
26%
Country Indonesia
26%
Country Iraq
26%
Country Ireland
26%
Country Israel
26%
Country Italy
26%
Country Jamaica
26%
Country Japan
26%
Country Jordan
26%
Country Kazakhstan
26%
Country Kosovo
26%
Country Laos
26%
Country Lebanon
26%
Country Liberia
26%
Country Libya
26%
Country Lithuania
26%
Country Luxembourg
26%
Country Madagascar
26%
Country Malaysia
26%
Country Mali
26%
Country Malta
26%
Country Marshall Islands
26%
Country Mexico
26%
Country Moldova
26%
Country Monaco
26%
Country Mongolia
26%
Country Myanmar
26%
Country Namibia
26%
Country Netherlands
26%
Country Nicaragua
26%
Country Niger
26%
Country North Korea
26%
Country Norway
26%
Country Oman
26%
Country Palau
26%
Country Papua New Guinea
26%
Country Peru
26%
Country Philippines
26%
Country Poland
26%
Country Portugal
26%
Country Republic of the Congo
26%
Country Rwanda
26%
Country Senegal
26%
Country Singapore
26%
Country Slovakia
26%
Country Slovenia
26%
Country Solomon Islands
26%
Country Somalia
26%
Country South Africa
26%
Country South Korea
26%
Country Spain
26%
Country Sri Lanka
26%
Country Sudan
26%
Country Sweden
26%
Country Switzerland
26%
Country Syria
26%
Country Taiwan
26%
Country Tanzania
26%
Country Thailand
26%
Country Tunisia
26%
Country Turkey
26%
Country Uganda
26%
Country Ukraine
26%
Country United Arab Emirates
26%
Country United Kingdom
26%
Country Uzbekistan
26%
Country Venezuela
26%
Country Vietnam
26%
Country Yemen
26%
Country Zambia
26%
Country Albania
25%
Country Algeria
25%
Country Argentina
25%
Country Armenia
25%
Country Australia
25%
Country Austria
25%
Country Bahamas
25%
Country Bahrain
25%
Country Bangladesh
25%
Country Belarus
25%
Country Benin
25%
Country Bolivia
25%
Country Brazil
25%
Country Brunei
25%
Country Bulgaria
25%
Country Burkina Faso
25%
Country Burundi
25%
Country Cameroon
25%
Country Canada
25%
Country Cape Verde
25%
Country Chad
25%
Country Chile
25%
Country Colombia
25%
Country Costa Rica
25%
Country Croatia
25%
Country Czechia
25%
Country Democratic Republic of the Congo
25%
Country Denmark
25%
Country Djibouti
25%
Country Dominican Republic
25%
Country East Timor
25%
Country Egypt
25%
Country Equatorial Guinea
25%
Country Eritrea
25%
Country Eswatini
25%
Country Federated States of Micronesia
25%
Country Fiji
25%
Country Finland
25%
Country Gabon
25%
Country Gambia
25%
Country Georgia
25%
Country Germany
25%
Country Guinea-Bissau
25%
Country Haiti
25%
Country Hungary
25%
Country Iceland
25%
Country India
25%
Country Indonesia
25%
Country Iran
25%
Country Iraq
25%
Country Ireland
25%
Country Israel
25%
Country Italy
25%
Country Ivory Coast
25%
Country Jamaica
25%
Country Japan
25%
Country Kazakhstan
25%
Country Kiribati
25%
Country Kuwait
25%
Country Kyrgyzstan
25%
Country Laos
25%
Country Latvia
25%
Country Lebanon
25%
Country Lesotho
25%
Country Liechtenstein
25%
Country Malawi
25%
Country Maldives
25%
Country Malta
25%
Country Mauritania
25%
Country Mauritius
25%
Country Mexico
25%
Country Montenegro
25%
Country Morocco
25%
Country Mozambique
25%
Country Myanmar
25%
Country Mystery Country (Colombia)
25%
Country Nauru
25%
Country Netherlands
25%
Country New Zealand
25%
Country Nicaragua
25%
Country Niger
25%
Country North Macedonia
25%
Country Norway
25%
Country Pakistan
25%
Country Panama
25%
Country Peru
25%
Country Poland
25%
Country Portugal
25%
Country Qatar
25%
Country Republic of the Congo
25%
Country Saint Kitts and Nevis
25%
Country Saint Lucia
25%
Country Saint Vincent and the Grenadines
25%
Country Samoa
25%
Country San Marino
25%
Country São Tomé and Principe
25%
Country Saudi Arabia
25%
Country Senegal
25%
Country Serbia
25%
Country Seychelles
25%
Country Sierra Leone
25%
Country Slovakia
25%
Country Slovenia
25%
Country Solomon Islands
25%
Country Somalia
25%
Country South Africa
25%
Country South Korea
25%
Country South Sudan
25%
Country Spain
25%
Country Sri Lanka
25%
Country Sudan
25%
Country Sweden
25%
Country Syria
25%
Country Tajikistan
25%
Country Thailand
25%
Country Togo
25%
Country Tonga
25%
Country Trinidad and Tobago
25%
Country Turkey
25%
Country Turkmenistan
25%
Country Tuvalu
25%
Country Ukraine
25%
Country United Arab Emirates
25%
Country Uzbekistan
25%
Country Vanuatu
25%
Country Vatican City
25%
Country Venezuela
25%
Country Vietnam
25%
Country Zimbabwe
25%
Country Albania
24%
Country Algeria
24%
Country | Country Andorra
24%
Country Angola
24%
Country Argentina
24%
Country Armenia
24%
Country Australia
24%
Country Austria
24%
Country Bahamas
24%
Country Barbados
24%
Country Belgium
24%
Country Belize
24%
Country Bolivia
24%
Country Bosnia and Herzegovina
24%
Country Brazil
24%
Country Brunei
24%
Country Bulgaria
24%
Country Cambodia
24%
Country Chad
24%
Country Chile
24%
Country Colombia
24%
Country Cuba
24%
Country Cyprus
24%
Country Czechia
24%
Country Democratic Republic of the Congo
24%
Country Dominica
24%
Country Dominican Republic
24%
Country Estonia
24%
Country Ethiopia
24%
Country Fiji
24%
Country Finland
24%
Country Georgia
24%
Country Germany
24%
Country Ghana
24%
Country Greece
24%
Country Guatemala
24%
Country Guyana
24%
Country Honduras
24%
Country Iceland
24%
Country Indonesia
24%
Country Iran
24%
Country Iraq
24%
Country Israel
24%
Country Japan
24%
Country Jordan
24%
Country Kazakhstan
24%
Country Kenya
24%
Country Kosovo
24%
Country Kuwait
24%
Country Laos
24%
Country Latvia
24%
Country Lesotho
24%
Country Libya
24%
Country Liechtenstein
24%
Country Lithuania
24%
Country Luxembourg
24%
Country Malaysia
24%
Country Mali
24%
Country Mexico
24%
Country Moldova
24%
Country Monaco
24%
Country Morocco
24%
Country Nepal
24%
Country Netherlands
24%
Country New Zealand
24%
Country Nigeria
24%
Country North Korea
24%
Country Pakistan
24%
Country Panama
24%
Country Peru
24%
Country Philippines
24%
Country Republic of the Congo
24%
Country Romania
24%
Country Saint Lucia
24%
Country Samoa
24%
Country San Marino
24%
Country Saudi Arabia
24%
Country Seychelles
24%
Country Singapore
24%
Country Slovenia
24%
Country South Africa
24%
Country South Korea
24%
Country South Sudan
24%
Country Spain
24%
Country Sri Lanka
24%
Country Sudan
24%
Country Suriname
24%
Country Sweden
24%
Country Syria
24%
Country Taiwan
24%
Country Tanzania
24%
Country Thailand
24%
Country Togo
24%
Country Tunisia
24%
Country Turkey
24%
Country Uganda
24%
Country Ukraine
24%
Country United Arab Emirates
24%
Country Uruguay
24%
Country Venezuela
24%
Country Vietnam
24%
Country Afghanistan
23%
Country Albania
23%
Country Algeria
23%
Country | Country Andorra
23%
Country Angola
23%
Country Antigua and Barbuda
23%
Country Australia
23%
Country Austria
23%
Country Azerbaijan
23%
Country Bahamas
23%
Country Bahrain
23%
Country Bangladesh
23%
Country Barbados
23%
Country Belarus
23%
Country Belgium
23%
Country Belize
23%
Country Benin
23%
Country Bhutan
23%
Country Bosnia and Herzegovina
23%
Country Botswana
23%
Country Brazil
23%
Country Brunei
23%
Country Bulgaria
23%
Country Burkina Faso
23%
Country Burundi
23%
Country Cambodia
23%
Country Cameroon
23%
Country Cape Verde
23%
Country Central African Republic
23%
Country Chad
23%
Country Comoros
23%
Country Costa Rica
23%
Country Croatia
23%
Country Cuba
23%
Country Cyprus
23%
Country Czechia
23%
Country Democratic Republic of the Congo
23%
Country Denmark
23%
Country Djibouti
23%
Country Dominica
23%
Country Dominican Republic
23%
Country East Timor
23%
Country Ecuador
23%
Country Egypt
23%
Country El Salvador
23%
Country Eritrea
23%
Country Eswatini
23%
Country Ethiopia
23%
Country Federated States of Micronesia
23%
Country Fiji
23%
Country Finland
23%
Country Gabon
23%
Country Gambia
23%
Country Georgia
23%
Country Germany
23%
Country Ghana
23%
Country Greece
23%
Country Grenada
23%
Country Guatemala
23%
Country Guinea
23%
Country Guyana
23%
Country Haiti
23%
Country Honduras
23%
Country Hungary
23%
Country India
23%
Country Indonesia
23%
Country Iran
23%
Country Iraq
23%
Country Ireland
23%
Country Ivory Coast
23%
Country Jamaica
23%
Country Japan
23%
Country Jordan
23%
Country Kazakhstan
23%
Country Kenya
23%
Country Kiribati
23%
Country Kosovo
23%
Country Kuwait
23%
Country Laos
23%
Country Latvia
23%
Country Lebanon
23%
Country Lesotho
23%
Country Liberia
23%
Country Libya
23%
Country Liechtenstein
23%
Country Lithuania
23%
Country Luxembourg
23%
Country Madagascar
23%
Country Malawi
23%
Country Malaysia
23%
Country Maldives
23%
Country Mali
23%
Country Malta
23%
Country Marshall Islands
23%
Country Mauritania
23%
Country Mauritius
23%
Country Mexico
23%
Country Moldova
23%
Country Monaco
23%
Country Mongolia
23%
Country Montenegro
23%
Country Morocco
23%
Country Mozambique
23%
Country Myanmar
23%
Country Namibia
23%
Country Nepal
23%
Country Netherlands
23%
Country New Zealand
23%
Country Nicaragua
23%
Country Niger
23%
Country Nigeria
23%
Country North Korea
23%
Country North Macedonia
23%
Country Oman
23%
Country Pakistan
23%
Country Palau
23%
Country Panama
23%
Country Papua New Guinea
23%
Country Paraguay
23%
Country Poland
23%
Country Qatar
23%
Country Republic of the Congo
23%
Country Romania
23%
Country Rwanda
23%
Country Saint Kitts and Nevis
23%
Country Saint Vincent and the Grenadines
23%
Country Samoa
23%
Country São Tomé and Principe
23%
Country Saudi Arabia
23%
Country Seychelles
23%
Country Sierra Leone
23%
Country Singapore
23%
Country Solomon Islands
23%
Country South Africa
23%
Country South Korea
23%
Country Spain
23%
Country Sudan
23%
Country Suriname
23%
Country Sweden
23%
Country Switzerland
23%
Country Taiwan
23%
Country Tajikistan
23%
Country Tanzania
23%
Country Thailand
23%
Country Togo
23%
Country Tonga
23%
Country Trinidad and Tobago
23%
Country Turkmenistan
23%
Country Tuvalu
23%
Country Uganda
23%
Country United Arab Emirates
23%
Country Uruguay
23%
Country Uzbekistan
23%
Country Vatican City
23%
Country Venezuela
23%
Country Vietnam
23%
Country Yemen
23%
Country Zambia
23%
Country Zimbabwe
23%
Country Afghanistan
22%
Country Albania
22%
Country Algeria
22%
Country | Country Andorra
22%
Country Angola
22%
Country Antigua and Barbuda
22%
Country Armenia
22%
Country Australia
22%
Country Austria
22%
Country Azerbaijan
22%
Country Bahamas
22%
Country Bahrain
22%
Country Bangladesh
22%
Country Barbados
22%
Country Belarus
22%
Country Belgium
22%
Country Belize
22%
Country Benin
22%
Country Bhutan
22%
Country Bolivia
22%
Country Bosnia and Herzegovina
22%
Country Botswana
22%
Country Brazil
22%
Country Bulgaria
22%
Country Burkina Faso
22%
Country Burundi
22%
Country Cambodia
22%
Country Cameroon
22%
Country Cape Verde
22%
Country Central African Republic
22%
Country Chad
22%
Country Chile
22%
Country Colombia
22%
Country Comoros
22%
Country Costa Rica
22%
Country Croatia
22%
Country Cyprus
22%
Country Czechia
22%
Country Democratic Republic of the Congo
22%
Country Denmark
22%
Country Djibouti
22%
Country Dominica
22%
Country Dominican Republic
22%
Country East Timor
22%
Country Ecuador
22%
Country Egypt
22%
Country El Salvador
22%
Country Equatorial Guinea
22%
Country Eritrea
22%
Country Estonia
22%
Country Eswatini
22%
Country Ethiopia
22%
Country Federated States of Micronesia
22%
Country Fiji
22%
Country Finland
22%
Country Gabon
22%
Country Gambia
22%
Country Georgia
22%
Country Germany
22%
Country Ghana
22%
Country Grenada
22%
Country Guatemala
22%
Country Guinea
22%
Country Guinea-Bissau
22%
Country Guyana
22%
Country Haiti
22%
Country Honduras
22%
Country Hungary
22%
Country Iceland
22%
Country India
22%
Country Iraq
22%
Country Ireland
22%
Country Israel
22%
Country Italy
22%
Country Ivory Coast
22%
Country Jamaica
22%
Country Japan
22%
Country Jordan
22%
Country Kazakhstan
22%
Country Kenya
22%
Country Kiribati
22%
Country Kosovo
22%
Country Kyrgyzstan
22%
Country Laos
22%
Country Lebanon
22%
Country Lesotho
22%
Country Liberia
22%
Country Libya
22%
Country Liechtenstein
22%
Country Lithuania
22%
Country Luxembourg
22%
Country Madagascar
22%
Country Malawi
22%
Country Maldives
22%
Country Mali
22%
Country Malta
22%
Country Marshall Islands
22%
Country Mauritania
22%
Country Mauritius
22%
Country Mexico
22%
Country Moldova
22%
Country Monaco
22%
Country Mongolia
22%
Country Montenegro
22%
Country Morocco
22%
Country Mozambique
22%
Country Myanmar
22%
Country Mystery Country (Spain)
22%
Country Mystery Country (Suriname)
22%
Country Namibia
22%
Country Nauru
22%
Country Nepal
22%
Country New Zealand
22%
Country Nicaragua
22%
Country Niger
22%
Country Nigeria
22%
Country North Korea
22%
Country North Macedonia
22%
Country Norway
22%
Country Oman
22%
Country Pakistan
22%
Country Palau
22%
Country Panama
22%
Country Paraguay
22%
Country Peru
22%
Country Philippines
22%
Country Portugal
22%
Country Qatar
22%
Country Republic of the Congo
22%
Country Romania
22%
Country Rwanda
22%
Country Saint Kitts and Nevis
22%
Country Saint Lucia
22%
Country Saint Vincent and the Grenadines
22%
Country Samoa
22%
Country San Marino
22%
Country São Tomé and Principe
22%
Country Saudi Arabia
22%
Country Senegal
22%
Country Serbia
22%
Country Seychelles
22%
Country Sierra Leone
22%
Country Singapore
22%
Country Slovakia
22%
Country Slovenia
22%
Country Solomon Islands
22%
Country Somalia
22%
Country South Africa
22%
Country South Korea
22%
Country South Sudan
22%
Country Spain
22%
Country Sri Lanka
22%
Country Sudan
22%
Country Suriname
22%
Country Sweden
22%
Country Switzerland
22%
Country Syria
22%
Country Taiwan
22%
Country Tajikistan
22%
Country Tanzania
22%
Country Thailand
22%
Country Togo
22%
Country Tonga
22%
Country Trinidad and Tobago
22%
Country Tunisia
22%
Country Turkey
22%
Country Turkmenistan
22%
Country Tuvalu
22%
Country Uganda
22%
Country Ukraine
22%
Country Uruguay
22%
Country Uzbekistan
22%
Country Vanuatu
22%
Country Vatican City
22%
Country Venezuela
22%
Country Vietnam
22%
Country Yemen
22%
Country Zambia
22%
Country Zimbabwe
22%
Country Afghanistan
21%
Country Algeria
21%
Country | Country Andorra
21%
Country Angola
21%
Country Antigua and Barbuda
21%
Country Armenia
21%
Country Australia
21%
Country Austria
21%
Country Azerbaijan
21%
Country Bahamas
21%
Country Bahrain
21%
Country Bangladesh
21%
Country Barbados
21%
Country Belarus
21%
Country Belize
21%
Country Benin
21%
Country Bhutan
21%
Country Bolivia
21%
Country Bosnia and Herzegovina
21%
Country Botswana
21%
Country Brazil
21%
Country Brunei
21%
Country Burkina Faso
21%
Country Burundi
21%
Country Cambodia
21%
Country Cameroon
21%
Country Cape Verde
21%
Country Chad
21%
Country Colombia
21%
Country Comoros
21%
Country Cyprus
21%
Country Czechia
21%
Country Democratic Republic of the Congo
21%
Country Djibouti
21%
Country Dominica
21%
Country Dominican Republic
21%
Country East Timor
21%
Country Ecuador
21%
Country Egypt
21%
Country El Salvador
21%
Country Equatorial Guinea
21%
Country Eritrea
21%
Country Estonia
21%
Country Eswatini
21%
Country Ethiopia
21%
Country Federated States of Micronesia
21%
Country Fiji
21%
Country Finland
21%
Country Gabon
21%
Country Gambia
21%
Country Germany
21%
Country Ghana
21%
Country Greece
21%
Country Grenada
21%
Country Guatemala
21%
Country Guinea
21%
Country Guinea-Bissau
21%
Country Haiti
21%
Country Honduras
21%
Country Iceland
21%
Country India
21%
Country Indonesia
21%
Country Iran
21%
Country Ireland
21%
Country Israel
21%
Country Ivory Coast
21%
Country Jamaica
21%
Country Japan
21%
Country Jordan
21%
Country Kazakhstan
21%
Country Kenya
21%
Country Kiribati
21%
Country Kosovo
21%
Country Kuwait
21%
Country Kyrgyzstan
21%
Country Latvia
21%
Country Lebanon
21%
Country Lesotho
21%
Country Liberia
21%
Country Libya
21%
Country Liechtenstein
21%
Country Madagascar
21%
Country Malawi
21%
Country Malaysia
21%
Country Maldives
21%
Country Mali
21%
Country Malta
21%
Country Marshall Islands
21%
Country Mauritania
21%
Country Mauritius
21%
Country Mexico
21%
Country Moldova
21%
Country Mongolia
21%
Country Montenegro
21%
Country Morocco
21%
Country Mozambique
21%
Country Myanmar
21%
Country Mystery Country (Bolivia)
21%
Country Mystery Country (Iceland)
21%
Country Mystery Country (Japan)
21%
Country Mystery Country (Tuvalu)
21%
Country Namibia
21%
Country Nauru
21%
Country Nepal
21%
Country Netherlands
21%
Country Niger
21%
Country Nigeria
21%
Country North Korea
21%
Country North Macedonia
21%
Country Norway
21%
Country Oman
21%
Country Palau
21%
Country Panama
21%
Country Papua New Guinea
21%
Country Paraguay
21%
Country Philippines
21%
Country Poland
21%
Country Portugal
21%
Country Qatar
21%
Country Republic of the Congo
21%
Country Romania
21%
Country Rwanda
21%
Country Saint Kitts and Nevis
21%
Country Saint Lucia
21%
Country Saint Vincent and the Grenadines
21%
Country Samoa
21%
Country San Marino
21%
Country São Tomé and Principe
21%
Country Senegal
21%
Country Seychelles
21%
Country Sierra Leone
21%
Country Slovakia
21%
Country Slovenia
21%
Country Solomon Islands
21%
Country Somalia
21%
Country South Africa
21%
Country South Korea
21%
Country South Sudan
21%
Country Spain
21%
Country Sri Lanka
21%
Country Sudan
21%
Country Suriname
21%
Country Sweden
21%
Country Syria
21%
Country Taiwan
21%
Country Tajikistan
21%
Country Tanzania
21%
Country Togo
21%
Country Tonga
21%
Country Trinidad and Tobago
21%
Country Turkey
21%
Country Turkmenistan
21%
Country Tuvalu
21%
Country Ukraine
21%
Country Uruguay
21%
Country Uzbekistan
21%
Country Vanuatu
21%
Country Vatican City
21%
Country Venezuela
21%
Country Vietnam
21%
Country Yemen
21%
Country Zambia
21%
Country Zimbabwe
21%
Country Afghanistan
20%
Country Albania
20%
Country Algeria
20%
Country Andorra
20%
Country Angola
20%
Country Antigua and Barbuda
20%
Country Argentina
20%
Country Armenia
20%
Country Australia
20%
Country Azerbaijan
20%
Country Bahamas
20%
Country Bahrain
20%
Country Bangladesh
20%
Country Barbados
20%
Country Belgium
20%
Country Belize
20%
Country Benin
20%
Country Bhutan
20%
Country Botswana
20%
Country Brazil
20%
Country Brunei
20%
Country Bulgaria
20%
Country Burkina Faso
20%
Country Burundi
20%
Country Cameroon
20%
Country Cape Verde
20%
Country Central African Republic
20%
Country Chad
20%
Country Comoros
20%
Country Costa Rica
20%
Country Croatia
20%
Country Czechia
20%
Country Denmark
20%
Country Djibouti
20%
Country Dominica
20%
Country Dominican Republic
20%
Country East Timor
20%
Country Ecuador
20%
Country Egypt
20%
Country El Salvador
20%
Country Eritrea
20%
Country Estonia
20%
Country Eswatini
20%
Country Ethiopia
20%
Country Federated States of Micronesia
20%
Country Finland
20%
Country Gabon
20%
Country Gambia
20%
Country Georgia
20%
Country Ghana
20%
Country Greece
20%
Country Grenada
20%
Country Guinea
20%
Country Guyana
20%
Country Haiti
20%
Country Honduras
20%
Country Iran
20%
Country Iraq
20%
Country Italy
20%
Country Ivory Coast
20%
Country Japan
20%
Country Kazakhstan
20%
Country Kenya
20%
Country Kiribati
20%
Country Kuwait
20%
Country Kyrgyzstan
20%
Country Laos
20%
Country Latvia
20%
Country Lesotho
20%
Country Liberia
20%
Country Libya
20%
Country Liechtenstein
20%
Country Lithuania
20%
Country Madagascar
20%
Country Malawi
20%
Country Malaysia
20%
Country Maldives
20%
Country Mali
20%
Country Marshall Islands
20%
Country Mauritania
20%
Country Mauritius
20%
Country Mexico
20%
Country Moldova
20%
Country Mongolia
20%
Country Montenegro
20%
Country Morocco
20%
Country Mozambique
20%
Country Myanmar
20%
Country Namibia
20%
Country Nauru
20%
Country Nepal
20%
Country Netherlands
20%
Country New Zealand
20%
Country Nicaragua
20%
Country Niger
20%
Country Nigeria
20%
Country North Korea
20%
Country North Macedonia
20%
Country Norway
20%
Country Pakistan
20%
Country Palau
20%
Country Papua New Guinea
20%
Country Philippines
20%
Country Poland
20%
Country Qatar
20%
Country Republic of the Congo
20%
Country Romania
20%
Country Rwanda
20%
Country Saint Kitts and Nevis
20%
Country Saint Lucia
20%
Country Saint Vincent and the Grenadines
20%
Country Samoa
20%
Country São Tomé and Principe
20%
Country Saudi Arabia
20%
Country Senegal
20%
Country Serbia
20%
Country Seychelles
20%
Country Sierra Leone
20%
Country Singapore
20%
Country Solomon Islands
20%
Country Somalia
20%
Country South Africa
20%
Country South Korea
20%
Country South Sudan
20%
Country Spain
20%
Country Sudan
20%
Country Suriname
20%
Country Sweden
20%
Country Syria
20%
Country Tanzania
20%
Country Thailand
20%
Country Togo
20%
Country Tonga
20%
Country Trinidad and Tobago
20%
Country Tunisia
20%
Country Turkey
20%
Country Tuvalu
20%
Country Uganda
20%
Country Ukraine
20%
Country United Arab Emirates
20%
Country Uzbekistan
20%
Country Vanuatu
20%
Country Vietnam
20%
Country Zambia
20%
Country Zimbabwe
20%
Country Afghanistan
19%
Country Albania
19%
Country Algeria
19%
Country | Country Andorra
19%
Country Angola
19%
Country Argentina
19%
Country Armenia
19%
Country Australia
19%
Country Austria
19%
Country Azerbaijan
19%
Country Bahamas
19%
Country Bahrain
19%
Country Bangladesh
19%
Country Belarus
19%
Country Belgium
19%
Country Benin
19%
Country Bhutan
19%
Country Bosnia and Herzegovina
19%
Country Botswana
19%
Country Brazil
19%
Country Bulgaria
19%
Country Cambodia
19%
Country Cameroon
19%
Country Central African Republic
19%
Country Chad
19%
Country Chile
19%
Country Colombia
19%
Country Comoros
19%
Country Croatia
19%
Country Czechia
19%
Country Democratic Republic of the Congo
19%
Country Djibouti
19%
Country Egypt
19%
Country Equatorial Guinea
19%
Country Estonia
19%
Country Ethiopia
19%
Country Federated States of Micronesia
19%
Country Finland
19%
Country Gabon
19%
Country Gambia
19%
Country Georgia
19%
Country Ghana
19%
Country Greece
19%
Country Grenada
19%
Country Guinea
19%
Country Guinea-Bissau
19%
Country Haiti
19%
Country Hungary
19%
Country Iceland
19%
Country Indonesia
19%
Country Iran
19%
Country Iraq
19%
Country Ireland
19%
Country Israel
19%
Country Italy
19%
Country Japan
19%
Country Jordan
19%
Country Kazakhstan
19%
Country Kenya
19%
Country Kiribati
19%
Country Kosovo
19%
Country Kuwait
19%
Country Kyrgyzstan
19%
Country Latvia
19%
Country Lebanon
19%
Country Lesotho
19%
Country Liberia
19%
Country Libya
19%
Country Liechtenstein
19%
Country Luxembourg
19%
Country Madagascar
19%
Country Malawi
19%
Country Malaysia
19%
Country Maldives
19%
Country Mali
19%
Country Malta
19%
Country Mexico
19%
Country Moldova
19%
Country Monaco
19%
Country Mongolia
19%
Country Mozambique
19%
Country Myanmar
19%
Country Mystery Country (Ukraine)
19%
Country Namibia
19%
Country Nauru
19%
Country Niger
19%
Country Nigeria
19%
Country North Korea
19%
Country Norway
19%
Country Oman
19%
Country Papua New Guinea
19%
Country Peru
19%
Country Philippines
19%
Country Poland
19%
Country Portugal
19%
Country Qatar
19%
Country Republic of the Congo
19%
Country Romania
19%
Country Rwanda
19%
Country Saint Kitts and Nevis
19%
Country Saint Lucia
19%
Country Saint Vincent and the Grenadines
19%
Country Samoa
19%
Country São Tomé and Principe
19%
Country Saudi Arabia
19%
Country Senegal
19%
Country Serbia
19%
Country Singapore
19%
Country Slovakia
19%
Country Slovenia
19%
Country South Africa
19%
Country South Sudan
19%
Country Spain
19%
Country Sri Lanka
19%
Country Sudan
19%
Country Sweden
19%
Country Switzerland
19%
Country Syria
19%
Country Taiwan
19%
Country Tanzania
19%
Country Thailand
19%
Country Togo
19%
Country Tonga
19%
Country Trinidad and Tobago
19%
Country Tunisia
19%
Country Tuvalu
19%
Country Uganda
19%
Country Ukraine
19%
Country Uzbekistan
19%
Country Vatican City
19%
Country Yemen
19%
Country Zambia
19%
Country Zimbabwe
19%
Country Afghanistan
18%
Country Algeria
18%
Country Angola
18%
Country Argentina
18%
Country Austria
18%
Country Belize
18%
Country Bhutan
18%
Country Bolivia
18%
Country Botswana
18%
Country Brunei
18%
Country Bulgaria
18%
Country Burkina Faso
18%
Country Burundi
18%
Country Cambodia
18%
Country Cape Verde
18%
Country Chad
18%
Country Chile
18%
Country Colombia
18%
Country Croatia
18%
Country Cyprus
18%
Country Czechia
18%
Country Democratic Republic of the Congo
18%
Country Denmark
18%
Country Djibouti
18%
Country Dominican Republic
18%
Country East Timor
18%
Country Egypt
18%
Country El Salvador
18%
Country Equatorial Guinea
18%
Country Eritrea
18%
Country Estonia
18%
Country Eswatini
18%
Country Ethiopia
18%
Country Federated States of Micronesia
18%
Country Fiji
18%
Country Finland
18%
Country Gambia
18%
Country Ghana
18%
Country Grenada
18%
Country Guinea
18%
Country Guinea-Bissau
18%
Country Hungary
18%
Country Iceland
18%
Country Indonesia
18%
Country Iran
18%
Country Iraq
18%
Country Ireland
18%
Country Israel
18%
Country Italy
18%
Country Ivory Coast
18%
Country Japan
18%
Country Jordan
18%
Country Kazakhstan
18%
Country Kenya
18%
Country Kosovo
18%
Country Kuwait
18%
Country Kyrgyzstan
18%
Country Laos
18%
Country Latvia
18%
Country Libya
18%
Country Lithuania
18%
Country Luxembourg
18%
Country Malawi
18%
Country Malaysia
18%
Country Maldives
18%
Country Malta
18%
Country Marshall Islands
18%
Country Mauritania
18%
Country Mauritius
18%
Country Mexico
18%
Country Monaco
18%
Country Mongolia
18%
Country Montenegro
18%
Country Morocco
18%
Country Mystery Country (Costa Rica)
18%
Country Mystery Country (Dominican Republic)
18%
Country Nauru
18%
Country Nepal
18%
Country Netherlands
18%
Country New Zealand
18%
Country Niger
18%
Country Nigeria
18%
Country North Korea
18%
Country North Macedonia
18%
Country Norway
18%
Country Oman
18%
Country Pakistan
18%
Country Palau
18%
Country Peru
18%
Country Poland
18%
Country Portugal
18%
Country Republic of the Congo
18%
Country Romania
18%
Country San Marino
18%
Country São Tomé and Principe
18%
Country Saudi Arabia
18%
Country Seychelles
18%
Country Sierra Leone
18%
Country Slovakia
18%
Country Slovenia
18%
Country Solomon Islands
18%
Country Somalia
18%
Country South Africa
18%
Country South Korea
18%
Country Spain
18%
Country Sudan
18%
Country Sweden
18%
Country Taiwan
18%
Country Tajikistan
18%
Country Tanzania
18%
Country Thailand
18%
Country Tonga
18%
Country Trinidad and Tobago
18%
Country Turkey
18%
Country Turkmenistan
18%
Country Tuvalu
18%
Country Ukraine
18%
Country United Arab Emirates
18%
Country Uruguay
18%
Country Uzbekistan
18%
Country Vanuatu
18%
Country Vatican City
18%
Country Venezuela
18%
Country Vietnam
18%
Country Yemen
18%
Country Zambia
18%
Country Zimbabwe
18%
Country Afghanistan
17%
Country Albania
17%
Country Algeria
17%
Country | Country Andorra
17%
Country Angola
17%
Country Argentina
17%
Country Armenia
17%
Country Australia
17%
Country Austria
17%
Country Bahrain
17%
Country Bangladesh
17%
Country Belarus
17%
Country Belgium
17%
Country Bosnia and Herzegovina
17%
Country Cambodia
17%
Country Chad
17%
Country Chile
17%
Country Colombia
17%
Country Croatia
17%
Country Cyprus
17%
Country Democratic Republic of the Congo
17%
Country Denmark
17%
Country Dominican Republic
17%
Country Egypt
17%
Country Eritrea
17%
Country Ethiopia
17%
Country Finland
17%
Country Georgia
17%
Country Ghana
17%
Country Greece
17%
Country Guinea
17%
Country Indonesia
17%
Country Iran
17%
Country Iraq
17%
Country Ireland
17%
Country Italy
17%
Country Japan
17%
Country Kazakhstan
17%
Country Kenya
17%
Country Kiribati
17%
Country Laos
17%
Country Latvia
17%
Country Lebanon
17%
Country Liberia
17%
Country Lithuania
17%
Country Malawi
17%
Country Mali
17%
Country Mauritania
17%
Country Mexico
17%
Country Monaco
17%
Country Morocco
17%
Country Myanmar
17%
Country Namibia
17%
Country Nauru
17%
Country Nepal
17%
Country Netherlands
17%
Country Niger
17%
Country Nigeria
17%
Country North Korea
17%
Country Norway
17%
Country Oman
17%
Country Pakistan
17%
Country Paraguay
17%
Country Peru
17%
Country Philippines
17%
Country Poland
17%
Country Portugal
17%
Country Republic of the Congo
17%
Country Saint Lucia
17%
Country Serbia
17%
Country Sierra Leone
17%
Country Singapore
17%
Country Slovakia
17%
Country Slovenia
17%
Country Somalia
17%
Country South Africa
17%
Country South Korea
17%
Country Sri Lanka
17%
Country Suriname
17%
Country Switzerland
17%
Country Syria
17%
Country Tajikistan
17%
Country Tanzania
17%
Country Thailand
17%
Country Tunisia
17%
Country Turkey
17%
Country Turkmenistan
17%
Country Ukraine
17%
Country United Arab Emirates
17%
Country Uzbekistan
17%
Country Vanuatu
17%
Country Vietnam
17%
Country Yemen
17%
Country Afghanistan
16%
Country Albania
16%
Country Algeria
16%
Country | Country | Country Andorra
16%
Country Angola
16%
Country Argentina
16%
Country Armenia
16%
Country Austria
16%
Country Azerbaijan
16%
Country Bangladesh
16%
Country Belarus
16%
Country Belgium
16%
Country Bhutan
16%
Country Bolivia
16%
Country Bosnia and Herzegovina
16%
Country Botswana
16%
Country Bulgaria
16%
Country Cambodia
16%
Country Central African Republic
16%
Country Chad
16%
Country Chile
16%
Country Colombia
16%
Country Croatia
16%
Country Cuba
16%
Country Democratic Republic of the Congo
16%
Country Denmark
16%
Country Dominican Republic
16%
Country Ecuador
16%
Country Egypt
16%
Country El Salvador
16%
Country Estonia
16%
Country Eswatini
16%
Country Ethiopia
16%
Country Fiji
16%
Country Finland
16%
Country Gabon
16%
Country Gambia
16%
Country Georgia
16%
Country Ghana
16%
Country Greece
16%
Country Guatemala
16%
Country Guinea
16%
Country Hungary
16%
Country Iceland
16%
Country Indonesia
16%
Country Iran
16%
Country Iraq
16%
Country Ireland
16%
Country Israel
16%
Country Italy
16%
Country Japan
16%
Country Jordan
16%
Country Kazakhstan
16%
Country Kenya
16%
Country Kosovo
16%
Country Kuwait
16%
Country Kyrgyzstan
16%
Country Laos
16%
Country Latvia
16%
Country Lebanon
16%
Country Lesotho
16%
Country Libya
16%
Country Liechtenstein
16%
Country Lithuania
16%
Country Malaysia
16%
Country Mali
16%
Country Mauritius
16%
Country Mexico
16%
Country Moldova
16%
Country Monaco
16%
Country Mongolia
16%
Country Montenegro
16%
Country Morocco
16%
Country Myanmar
16%
Country Namibia
16%
Country Nepal
16%
Country Netherlands
16%
Country New Zealand
16%
Country Niger
16%
Country Nigeria
16%
Country North Korea
16%
Country North Macedonia
16%
Country Norway
16%
Country Oman
16%
Country Pakistan
16%
Country Panama
16%
Country Paraguay
16%
Country Peru
16%
Country Philippines
16%
Country Poland
16%
Country Portugal
16%
Country Qatar
16%
Country Republic of the Congo
16%
Country Romania
16%
Country Rwanda
16%
Country San Marino
16%
Country Saudi Arabia
16%
Country Senegal
16%
Country Serbia
16%
Country Singapore
16%
Country Slovakia
16%
Country Slovenia
16%
Country Somalia
16%
Country South Africa
16%
Country South Korea
16%
Country South Sudan
16%
Country Sri Lanka
16%
Country Sudan
16%
Country Sweden
16%
Country Switzerland
16%
Country Syria
16%
Country Taiwan
16%
Country Tajikistan
16%
Country Tanzania
16%
Country Thailand
16%
Country Tunisia
16%
Country Turkey
16%
Country Uganda
16%
Country Ukraine
16%
Country United Arab Emirates
16%
Country Uruguay
16%
Country Venezuela
16%
Country Vietnam
16%
Country Yemen
16%
Country Afghanistan
15%
Country Albania
15%
Country Algeria
15%
Country | Country | Country Andorra
15%
Country Angola
15%
Country Antigua and Barbuda
15%
Country Argentina
15%
Country Armenia
15%
Country Austria
15%
Country Azerbaijan
15%
Country Bahamas
15%
Country Bahrain
15%
Country Bangladesh
15%
Country Barbados
15%
Country Belarus
15%
Country Belgium
15%
Country Belize
15%
Country Benin
15%
Country Bhutan
15%
Country Bolivia
15%
Country Bosnia and Herzegovina
15%
Country Botswana
15%
Country Brunei
15%
Country Bulgaria
15%
Country Burkina Faso
15%
Country Burundi
15%
Country Cambodia
15%
Country Cameroon
15%
Country Cape Verde
15%
Country Central African Republic
15%
Country Chad
15%
Country Chile
15%
Country Colombia
15%
Country Comoros
15%
Country Costa Rica
15%
Country Croatia
15%
Country Cuba
15%
Country Cyprus
15%
Country Czechia
15%
Country Democratic Republic of the Congo
15%
Country Denmark
15%
Country Djibouti
15%
Country Dominican Republic
15%
Country East Timor
15%
Country Ecuador
15%
Country Egypt
15%
Country El Salvador
15%
Country Equatorial Guinea
15%
Country Eritrea
15%
Country Estonia
15%
Country Eswatini
15%
Country Ethiopia
15%
Country Federated States of Micronesia
15%
Country Fiji
15%
Country Gabon
15%
Country Gambia
15%
Country Georgia
15%
Country Ghana
15%
Country Greece
15%
Country Guatemala
15%
Country Guinea
15%
Country Guinea-Bissau
15%
Country Guyana
15%
Country Haiti
15%
Country Honduras
15%
Country Hungary
15%
Country Iceland
15%
Country Indonesia
15%
Country Iran
15%
Country Iraq
15%
Country Ireland
15%
Country Israel
15%
Country Ivory Coast
15%
Country Jamaica
15%
Country Jordan
15%
Country Kazakhstan
15%
Country Kenya
15%
Country Kiribati
15%
Country Kosovo
15%
Country Kuwait
15%
Country Kyrgyzstan
15%
Country Laos
15%
Country Latvia
15%
Country Lebanon
15%
Country Lesotho
15%
Country Liberia
15%
Country Libya
15%
Country Liechtenstein
15%
Country Lithuania
15%
Country Luxembourg
15%
Country Madagascar
15%
Country Malawi
15%
Country Maldives
15%
Country Malta
15%
Country Marshall Islands
15%
Country Mauritania
15%
Country Mauritius
15%
Country Moldova
15%
Country Monaco
15%
Country Mongolia
15%
Country Montenegro
15%
Country Morocco
15%
Country Mozambique
15%
Country Myanmar
15%
Country Mystery Country (Honduras)
15%
Country Namibia
15%
Country Nauru
15%
Country Nepal
15%
Country Netherlands
15%
Country New Zealand
15%
Country Nicaragua
15%
Country Niger
15%
Country Nigeria
15%
Country North Korea
15%
Country North Macedonia
15%
Country Norway
15%
Country Oman
15%
Country Palau
15%
Country Panama
15%
Country Papua New Guinea
15%
Country Peru
15%
Country Philippines
15%
Country Poland
15%
Country Portugal
15%
Country Qatar
15%
Country Republic of the Congo
15%
Country Romania
15%
Country Rwanda
15%
Country Samoa
15%
Country San Marino
15%
Country São Tomé and Principe
15%
Country Saudi Arabia
15%
Country Senegal
15%
Country Serbia
15%
Country Seychelles
15%
Country Sierra Leone
15%
Country Singapore
15%
Country Slovakia
15%
Country Slovenia
15%
Country Solomon Islands
15%
Country Somalia
15%
Country South Africa
15%
Country South Korea
15%
Country South Sudan
15%
Country Sri Lanka
15%
Country Sudan
15%
Country Suriname
15%
Country Sweden
15%
Country Switzerland
15%
Country Syria
15%
Country Taiwan
15%
Country Tajikistan
15%
Country Tanzania
15%
Country Thailand
15%
Country Togo
15%
Country Tonga
15%
Country Tunisia
15%
Country Turkey
15%
Country Turkmenistan
15%
Country Tuvalu
15%
Country Uganda
15%
Country Ukraine
15%
Country United Arab Emirates
15%
Country Uruguay
15%
Country Uzbekistan
15%
Country Vanuatu
15%
Country Vatican City
15%
Country Venezuela
15%
Country Vietnam
15%
Country Yemen
15%
Country Zambia
15%
Country Zimbabwe
15%
Country Afghanistan
14%
Country Albania
14%
Country Algeria
14%
Country | Country | Country Andorra
14%
Country Angola
14%
Country Antigua and Barbuda
14%
Country Argentina
14%
Country Armenia
14%
Country Austria
14%
Country Azerbaijan
14%
Country Bahamas
14%
Country Bangladesh
14%
Country Belarus
14%
Country Belgium
14%
Country Belize
14%
Country Benin
14%
Country Bhutan
14%
Country Bolivia
14%
Country Bosnia and Herzegovina
14%
Country Botswana
14%
Country Brunei
14%
Country Bulgaria
14%
Country Burkina Faso
14%
Country Burundi
14%
Country Cambodia
14%
Country Cameroon
14%
Country Cape Verde
14%
Country Central African Republic
14%
Country Chad
14%
Country Chile
14%
Country Colombia
14%
Country Costa Rica
14%
Country Croatia
14%
Country Cuba
14%
Country Cyprus
14%
Country Czechia
14%
Country Democratic Republic of the Congo
14%
Country Denmark
14%
Country Dominica
14%
Country Dominican Republic
14%
Country East Timor
14%
Country Ecuador
14%
Country Egypt
14%
Country El Salvador
14%
Country Equatorial Guinea
14%
Country Eritrea
14%
Country Estonia
14%
Country Eswatini
14%
Country Ethiopia
14%
Country Federated States of Micronesia
14%
Country Fiji
14%
Country Gabon
14%
Country Gambia
14%
Country Georgia
14%
Country Ghana
14%
Country Greece
14%
Country Grenada
14%
Country Guatemala
14%
Country Guinea
14%
Country Guinea-Bissau
14%
Country Guyana
14%
Country Haiti
14%
Country Honduras
14%
Country Hungary
14%
Country Iceland
14%
Country Indonesia
14%
Country Iran
14%
Country Iraq
14%
Country Ireland
14%
Country Israel
14%
Country Italy
14%
Country Ivory Coast
14%
Country Jamaica
14%
Country Japan
14%
Country Jordan
14%
Country Kazakhstan
14%
Country Kenya
14%
Country Kiribati
14%
Country Kosovo
14%
Country Kuwait
14%
Country Kyrgyzstan
14%
Country Laos
14%
Country Latvia
14%
Country Lebanon
14%
Country Lesotho
14%
Country Liberia
14%
Country Libya
14%
Country Liechtenstein
14%
Country Lithuania
14%
Country Luxembourg
14%
Country Madagascar
14%
Country Malawi
14%
Country Malaysia
14%
Country Maldives
14%
Country Mali
14%
Country Malta
14%
Country Marshall Islands
14%
Country Mauritania
14%
Country Mauritius
14%
Country Moldova
14%
Country Monaco
14%
Country Morocco
14%
Country Mozambique
14%
Country Myanmar
14%
Country Mystery Country (Norway)
14%
Country Namibia
14%
Country Nepal
14%
Country Netherlands
14%
Country New Zealand
14%
Country Nicaragua
14%
Country Niger
14%
Country Nigeria
14%
Country North Korea
14%
Country North Macedonia
14%
Country Norway
14%
Country Oman
14%
Country Pakistan
14%
Country Palau
14%
Country Papua New Guinea
14%
Country Paraguay
14%
Country Peru
14%
Country Philippines
14%
Country Poland
14%
Country Portugal
14%
Country Qatar
14%
Country Republic of the Congo
14%
Country Romania
14%
Country Rwanda
14%
Country Saint Kitts and Nevis
14%
Country Saint Lucia
14%
Country Saint Vincent and the Grenadines
14%
Country Samoa
14%
Country São Tomé and Principe
14%
Country Saudi Arabia
14%
Country Senegal
14%
Country Serbia
14%
Country Seychelles
14%
Country Singapore
14%
Country Slovakia
14%
Country Slovenia
14%
Country Solomon Islands
14%
Country Somalia
14%
Country South Korea
14%
Country South Sudan
14%
Country Sri Lanka
14%
Country Sudan
14%
Country Suriname
14%
Country Sweden
14%
Country Switzerland
14%
Country Syria
14%
Country Taiwan
14%
Country Tajikistan
14%
Country Tanzania
14%
Country Thailand
14%
Country Togo
14%
Country Tonga
14%
Country Trinidad and Tobago
14%
Country Tunisia
14%
Country Turkey
14%
Country Turkmenistan
14%
Country Uganda
14%
Country Ukraine
14%
Country United Arab Emirates
14%
Country Uruguay
14%
Country Uzbekistan
14%
Country Vanuatu
14%
Country Vatican City
14%
Country Venezuela
14%
Country Vietnam
14%
Country Yemen
14%
Country Zambia
14%
Country Zimbabwe
14%
Country Albania
13%
Country Algeria
13%
Country Andorra
13%
Country Angola
13%
Country Antigua and Barbuda
13%
Country Argentina
13%
Country Armenia
13%
Country Austria
13%
Country Azerbaijan
13%
Country Bahamas
13%
Country Bahrain
13%
Country Bangladesh
13%
Country Barbados
13%
Country Belarus
13%
Country Belgium
13%
Country Benin
13%
Country Bhutan
13%
Country Bolivia
13%
Country Bosnia and Herzegovina
13%
Country Botswana
13%
Country Brunei
13%
Country Bulgaria
13%
Country Burkina Faso
13%
Country Burundi
13%
Country Cambodia
13%
Country Cameroon
13%
Country Cape Verde
13%
Country Central African Republic
13%
Country Chad
13%
Country Chile
13%
Country Colombia
13%
Country Comoros
13%
Country Costa Rica
13%
Country Croatia
13%
Country Cuba
13%
Country Cyprus
13%
Country Czechia
13%
Country Democratic Republic of the Congo
13%
Country Denmark
13%
Country Djibouti
13%
Country Dominica
13%
Country Dominican Republic
13%
Country East Timor
13%
Country Ecuador
13%
Country Egypt
13%
Country El Salvador
13%
Country Equatorial Guinea
13%
Country Eritrea
13%
Country Estonia
13%
Country Eswatini
13%
Country Ethiopia
13%
Country Federated States of Micronesia
13%
Country Fiji
13%
Country Gabon
13%
Country Gambia
13%
Country Georgia
13%
Country Ghana
13%
Country Greece
13%
Country Grenada
13%
Country Guatemala
13%
Country Guinea
13%
Country Guinea-Bissau
13%
Country Guyana
13%
Country Haiti
13%
Country Honduras
13%
Country Hungary
13%
Country Iceland
13%
Country Indonesia
13%
Country Iraq
13%
Country Ireland
13%
Country Ivory Coast
13%
Country Jamaica
13%
Country Jordan
13%
Country Kazakhstan
13%
Country Kenya
13%
Country Kiribati
13%
Country Kosovo
13%
Country Kuwait
13%
Country Kyrgyzstan
13%
Country Laos
13%
Country Latvia
13%
Country Lebanon
13%
Country Lesotho
13%
Country Liberia
13%
Country Libya
13%
Country Liechtenstein
13%
Country Lithuania
13%
Country Luxembourg
13%
Country Madagascar
13%
Country Malawi
13%
Country Malaysia
13%
Country Maldives
13%
Country Mali
13%
Country Malta
13%
Country Marshall Islands
13%
Country Mauritania
13%
Country Mauritius
13%
Country Moldova
13%
Country Monaco
13%
Country Mongolia
13%
Country Montenegro
13%
Country Morocco
13%
Country Mozambique
13%
Country Myanmar
13%
Country Mystery Country (Papua New Guinea)
13%
Country Mystery Country (Tajikistan)
13%
Country Mystery Country (Turkmenistan)
13%
Country Mystery Country (Uganda)
13%
Country Namibia
13%
Country Nauru
13%
Country Nepal
13%
Country Netherlands
13%
Country New Zealand
13%
Country Nicaragua
13%
Country Niger
13%
Country Nigeria
13%
Country North Macedonia
13%
Country Norway
13%
Country Oman
13%
Country Palau
13%
Country Panama
13%
Country Papua New Guinea
13%
Country Paraguay
13%
Country Peru
13%
Country Philippines
13%
Country Poland
13%
Country Portugal
13%
Country Qatar
13%
Country Republic of the Congo
13%
Country Rwanda
13%
Country Saint Kitts and Nevis
13%
Country Saint Lucia
13%
Country Saint Vincent and the Grenadines
13%
Country Samoa
13%
Country San Marino
13%
Country São Tomé and Principe
13%
Country Saudi Arabia
13%
Country Senegal
13%
Country Serbia
13%
Country Seychelles
13%
Country Sierra Leone
13%
Country Singapore
13%
Country Slovakia
13%
Country Slovenia
13%
Country Solomon Islands
13%
Country Somalia
13%
Country South Korea
13%
Country South Sudan
13%
Country Sri Lanka
13%
Country Sudan
13%
Country Suriname
13%
Country Sweden
13%
Country Switzerland
13%
Country Syria
13%
Country Taiwan
13%
Country Tajikistan
13%
Country Tanzania
13%
Country Thailand
13%
Country Togo
13%
Country Tonga
13%
Country Trinidad and Tobago
13%
Country Tunisia
13%
Country Turkey
13%
Country Turkmenistan
13%
Country Tuvalu
13%
Country Uganda
13%
Country Ukraine
13%
Country United Arab Emirates
13%
Country Uruguay
13%
Country Uzbekistan
13%
Country Vanuatu
13%
Country Vatican City
13%
Country Venezuela
13%
Country Yemen
13%
Country Zambia
13%
Country Zimbabwe
13%
Country Afghanistan
12%
Country Albania
12%
Country Algeria
12%
Country | Country | Country | Country Andorra
12%
Country Angola
12%
Country Antigua and Barbuda
12%
Country Argentina
12%
Country Armenia
12%
Country Austria
12%
Country Azerbaijan
12%
Country Bahamas
12%
Country Bahrain
12%
Country Bangladesh
12%
Country Barbados
12%
Country Belarus
12%
Country Belgium
12%
Country Belize
12%
Country Benin
12%
Country Bhutan
12%
Country Bolivia
12%
Country Bosnia and Herzegovina
12%
Country Botswana
12%
Country Brunei
12%
Country Bulgaria
12%
Country Burkina Faso
12%
Country Burundi
12%
Country Cambodia
12%
Country Cameroon
12%
Country Cape Verde
12%
Country Central African Republic
12%
Country Chad
12%
Country Chile
12%
Country Colombia
12%
Country Comoros
12%
Country Costa Rica
12%
Country Croatia
12%
Country Cuba
12%
Country Cyprus
12%
Country Democratic Republic of the Congo
12%
Country Denmark
12%
Country Djibouti
12%
Country Dominica
12%
Country Dominican Republic
12%
Country East Timor
12%
Country Ecuador
12%
Country Egypt
12%
Country El Salvador
12%
Country Equatorial Guinea
12%
Country Eritrea
12%
Country Estonia
12%
Country Eswatini
12%
Country Ethiopia
12%
Country Federated States of Micronesia
12%
Country Fiji
12%
Country Gabon
12%
Country Gambia
12%
Country Georgia
12%
Country Ghana
12%
Country Greece
12%
Country Grenada
12%
Country Guatemala
12%
Country Guinea
12%
Country Guinea-Bissau
12%
Country Guyana
12%
Country Haiti
12%
Country Honduras
12%
Country Hungary
12%
Country Iceland
12%
Country Indonesia
12%
Country Iran
12%
Country Iraq
12%
Country Ireland
12%
Country Israel
12%
Country Ivory Coast
12%
Country Jordan
12%
Country Kazakhstan
12%
Country Kenya
12%
Country Kiribati
12%
Country Kosovo
12%
Country Kuwait
12%
Country Kyrgyzstan
12%
Country Laos
12%
Country Latvia
12%
Country Lebanon
12%
Country Lesotho
12%
Country Liberia
12%
Country Libya
12%
Country Liechtenstein
12%
Country Lithuania
12%
Country Luxembourg
12%
Country Madagascar
12%
Country Malawi
12%
Country Malaysia
12%
Country Maldives
12%
Country Mali
12%
Country Malta
12%
Country Marshall Islands
12%
Country Mauritania
12%
Country Mauritius
12%
Country Moldova
12%
Country Monaco
12%
Country Montenegro
12%
Country Morocco
12%
Country Mozambique
12%
Country Myanmar
12%
Country Mystery Country (Grenada)
12%
Country Mystery Country (Mali)
12%
Country Mystery Country (Singapore)
12%
Country Namibia
12%
Country Nauru
12%
Country Nepal
12%
Country Netherlands
12%
Country New Zealand
12%
Country Nicaragua
12%
Country Niger
12%
Country Nigeria
12%
Country North Korea
12%
Country North Macedonia
12%
Country Norway
12%
Country Oman
12%
Country Pakistan
12%
Country Palau
12%
Country Panama
12%
Country Papua New Guinea
12%
Country Paraguay
12%
Country Peru
12%
Country Poland
12%
Country Portugal
12%
Country Qatar
12%
Country Republic of the Congo
12%
Country Romania
12%
Country Rwanda
12%
Country Saint Kitts and Nevis
12%
Country Saint Lucia
12%
Country Saint Vincent and the Grenadines
12%
Country Samoa
12%
Country San Marino
12%
Country São Tomé and Principe
12%
Country Saudi Arabia
12%
Country Senegal
12%
Country Serbia
12%
Country Seychelles
12%
Country Sierra Leone
12%
Country Singapore
12%
Country Slovakia
12%
Country Slovenia
12%
Country Solomon Islands
12%
Country Somalia
12%
Country South Africa
12%
Country South Korea
12%
Country South Sudan
12%
Country Sri Lanka
12%
Country Sudan
12%
Country Suriname
12%
Country Sweden
12%
Country Switzerland
12%
Country Taiwan
12%
Country Tajikistan
12%
Country Tanzania
12%
Country Thailand
12%
Country Togo
12%
Country Tonga
12%
Country Trinidad and Tobago
12%
Country Tunisia
12%
Country Turkey
12%
Country Turkmenistan
12%
Country Tuvalu
12%
Country Uganda
12%
Country Ukraine
12%
Country United Arab Emirates
12%
Country Uruguay
12%
Country Uzbekistan
12%
Country Vanuatu
12%
Country Vatican City
12%
Country Venezuela
12%
Country Vietnam
12%
Country Zambia
12%
Country Zimbabwe
12%
Country Afghanistan
11%
Country | Country | Country | Country Andorra
11%
Country Angola
11%
Country Antigua and Barbuda
11%
Country Argentina
11%
Country Armenia
11%
Country Austria
11%
Country Azerbaijan
11%
Country Bahamas
11%
Country Bahrain
11%
Country Bangladesh
11%
Country Barbados
11%
Country Belarus
11%
Country Belgium
11%
Country Belize
11%
Country Benin
11%
Country Bhutan
11%
Country Bolivia
11%
Country Bosnia and Herzegovina
11%
Country Botswana
11%
Country Brunei
11%
Country Bulgaria
11%
Country Burkina Faso
11%
Country Burundi
11%
Country Cambodia
11%
Country Cameroon
11%
Country Cape Verde
11%
Country Central African Republic
11%
Country Chad
11%
Country Chile
11%
Country Colombia
11%
Country Costa Rica
11%
Country Croatia
11%
Country Cuba
11%
Country Cyprus
11%
Country Czechia
11%
Country Democratic Republic of the Congo
11%
Country Denmark
11%
Country Djibouti
11%
Country Dominica
11%
Country Dominican Republic
11%
Country East Timor
11%
Country Ecuador
11%
Country Egypt
11%
Country El Salvador
11%
Country Equatorial Guinea
11%
Country Eritrea
11%
Country Estonia
11%
Country Eswatini
11%
Country Ethiopia
11%
Country Federated States of Micronesia
11%
Country Fiji
11%
Country Gambia
11%
Country Georgia
11%
Country Ghana
11%
Country Greece
11%
Country Grenada
11%
Country Guatemala
11%
Country Guinea
11%
Country Guinea-Bissau
11%
Country Guyana
11%
Country Haiti
11%
Country Honduras
11%
Country Hungary
11%
Country Iceland
11%
Country Indonesia
11%
Country Iran
11%
Country Iraq
11%
Country Ireland
11%
Country Israel
11%
Country Ivory Coast
11%
Country Jamaica
11%
Country Kazakhstan
11%
Country Kenya
11%
Country Kiribati
11%
Country Kosovo
11%
Country Kuwait
11%
Country Kyrgyzstan
11%
Country Laos
11%
Country Latvia
11%
Country Lebanon
11%
Country Lesotho
11%
Country Liberia
11%
Country Libya
11%
Country Liechtenstein
11%
Country Lithuania
11%
Country Luxembourg
11%
Country Madagascar
11%
Country Malawi
11%
Country Malaysia
11%
Country Maldives
11%
Country Mali
11%
Country Malta
11%
Country Marshall Islands
11%
Country Mauritania
11%
Country Mauritius
11%
Country Moldova
11%
Country Monaco
11%
Country Montenegro
11%
Country Morocco
11%
Country Mozambique
11%
Country Myanmar
11%
Country Mystery Country (Austria)
11%
Country Mystery Country (Bangladesh)
11%
Country Mystery Country (Eswatini)
11%
Country Namibia
11%
Country Nauru
11%
Country Nepal
11%
Country Netherlands
11%
Country New Zealand
11%
Country Nicaragua
11%
Country Niger
11%
Country Nigeria
11%
Country North Korea
11%
Country North Macedonia
11%
Country Norway
11%
Country Oman
11%
Country Pakistan
11%
Country Palau
11%
Country Panama
11%
Country Papua New Guinea
11%
Country Paraguay
11%
Country Peru
11%
Country Philippines
11%
Country Poland
11%
Country Portugal
11%
Country Republic of the Congo
11%
Country Romania
11%
Country Rwanda
11%
Country Saint Kitts and Nevis
11%
Country Saint Lucia
11%
Country Saint Vincent and the Grenadines
11%
Country Samoa
11%
Country San Marino
11%
Country São Tomé and Principe
11%
Country Saudi Arabia
11%
Country Senegal
11%
Country Serbia
11%
Country Seychelles
11%
Country Sierra Leone
11%
Country Singapore
11%
Country Slovakia
11%
Country Slovenia
11%
Country Solomon Islands
11%
Country Somalia
11%
Country South Africa
11%
Country South Korea
11%
Country South Sudan
11%
Country Sri Lanka
11%
Country Sudan
11%
Country Suriname
11%
Country Switzerland
11%
Country Syria
11%
Country Taiwan
11%
Country Tajikistan
11%
Country Tanzania
11%
Country Thailand
11%
Country Togo
11%
Country Tonga
11%
Country Trinidad and Tobago
11%
Country Tunisia
11%
Country Turkey
11%
Country Turkmenistan
11%
Country Tuvalu
11%
Country Uganda
11%
Country Ukraine
11%
Country United Arab Emirates
11%
Country Uruguay
11%
Country Uzbekistan
11%
Country Vanuatu
11%
Country Venezuela
11%
Country Vietnam
11%
Country Yemen
11%
Country Zambia
11%
Country Zimbabwe
11%
Country Afghanistan
10%
Country Albania
10%
Country Algeria
10%
Country | Country | Country | +2 others Andorra
10%
Country Antigua and Barbuda
10%
Country Armenia
10%
Country Austria
10%
Country Azerbaijan
10%
Country Bahamas
10%
Country Bahrain
10%
Country Bangladesh
10%
Country Barbados
10%
Country Belarus
10%
Country Belgium
10%
Country Belize
10%
Country Benin
10%
Country Bhutan
10%
Country Bolivia
10%
Country Bosnia and Herzegovina
10%
Country Botswana
10%
Country Brunei
10%
Country Bulgaria
10%
Country Burkina Faso
10%
Country Burundi
10%
Country Cambodia
10%
Country Cameroon
10%
Country Cape Verde
10%
Country Central African Republic
10%
Country Chad
10%
Country Chile
10%
Country Colombia
10%
Country Comoros
10%
Country Costa Rica
10%
Country Croatia
10%
Country Cuba
10%
Country Cyprus
10%
Country Czechia
10%
Country Denmark
10%
Country Djibouti
10%
Country Dominica
10%
Country Dominican Republic
10%
Country East Timor
10%
Country Ecuador
10%
Country El Salvador
10%
Country Equatorial Guinea
10%
Country Eritrea
10%
Country Estonia
10%
Country Eswatini
10%
Country Ethiopia
10%
Country Federated States of Micronesia
10%
Country Fiji
10%
Country Gabon
10%
Country Gambia
10%
Country Georgia
10%
Country Ghana
10%
Country Greece
10%
Country Grenada
10%
Country Guatemala
10%
Country Guinea
10%
Country Guinea-Bissau
10%
Country Guyana
10%
Country Haiti
10%
Country Honduras
10%
Country Hungary
10%
Country Iceland
10%
Country Indonesia
10%
Country Iran
10%
Country Iraq
10%
Country Ireland
10%
Country Israel
10%
Country Ivory Coast
10%
Country Jamaica
10%
Country Jordan
10%
Country Kazakhstan
10%
Country Kenya
10%
Country Kiribati
10%
Country Kosovo
10%
Country Kuwait
10%
Country Kyrgyzstan
10%
Country Laos
10%
Country Latvia
10%
Country Lebanon
10%
Country Lesotho
10%
Country Liberia
10%
Country Libya
10%
Country Liechtenstein
10%
Country Lithuania
10%
Country Luxembourg
10%
Country Madagascar
10%
Country Malawi
10%
Country Malaysia
10%
Country Maldives
10%
Country Mali
10%
Country Malta
10%
Country Marshall Islands
10%
Country Mauritania
10%
Country Mauritius
10%
Country Moldova
10%
Country Monaco
10%
Country Montenegro
10%
Country Morocco
10%
Country Mozambique
10%
Country Myanmar
10%
Country Mystery Country (Armenia)
10%
Country Mystery Country (Mauritius)
10%
Country Namibia
10%
Country Nauru
10%
Country Nepal
10%
Country Netherlands
10%
Country New Zealand
10%
Country Nicaragua
10%
Country Niger
10%
Country Nigeria
10%
Country North Korea
10%
Country North Macedonia
10%
Country Norway
10%
Country Oman
10%
Country Pakistan
10%
Country Palau
10%
Country Panama
10%
Country Papua New Guinea
10%
Country Paraguay
10%
Country Peru
10%
Country Philippines
10%
Country Portugal
10%
Country Qatar
10%
Country Republic of the Congo
10%
Country Romania
10%
Country Rwanda
10%
Country Saint Kitts and Nevis
10%
Country Saint Lucia
10%
Country Saint Vincent and the Grenadines
10%
Country Samoa
10%
Country San Marino
10%
Country São Tomé and Principe
10%
Country Senegal
10%
Country Serbia
10%
Country Seychelles
10%
Country Sierra Leone
10%
Country Singapore
10%
Country Slovakia
10%
Country Slovenia
10%
Country Solomon Islands
10%
Country Somalia
10%
Country South Korea
10%
Country South Sudan
10%
Country Sri Lanka
10%
Country Sudan
10%
Country Suriname
10%
Country Switzerland
10%
Country Syria
10%
Country Taiwan
10%
Country Tajikistan
10%
Country Tanzania
10%
Country Thailand
10%
Country Togo
10%
Country Tonga
10%
Country Trinidad and Tobago
10%
Country Tunisia
10%
Country Turkey
10%
Country Turkmenistan
10%
Country Tuvalu
10%
Country Uganda
10%
Country Ukraine
10%
Country United Arab Emirates
10%
Country Uruguay
10%
Country Uzbekistan
10%
Country Vanuatu
10%
Country Vatican City
10%
Country Venezuela
10%
Country Vietnam
10%
Country Yemen
10%
Country Zambia
10%
Country Zimbabwe
10%
Country Afghanistan
9%
Country Albania
9%
Country | Country Andorra
9%
Country Angola
9%
Country Antigua and Barbuda
9%
Country Argentina
9%
Country Armenia
9%
Country Azerbaijan
9%
Country Bahamas
9%
Country Bahrain
9%
Country Bangladesh
9%
Country Barbados
9%
Country Belarus
9%
Country Belgium
9%
Country Belize
9%
Country Benin
9%
Country Bhutan
9%
Country Bolivia
9%
Country Bosnia and Herzegovina
9%
Country Botswana
9%
Country Brunei
9%
Country Bulgaria
9%
Country Burkina Faso
9%
Country Burundi
9%
Country Cambodia
9%
Country Cameroon
9%
Country Cape Verde
9%
Country Central African Republic
9%
Country Chad
9%
Country Chile
9%
Country Colombia
9%
Country Comoros
9%
Country Costa Rica
9%
Country Croatia
9%
Country Cuba
9%
Country Cyprus
9%
Country Czechia
9%
Country Democratic Republic of the Congo
9%
Country Denmark
9%
Country Djibouti
9%
Country Dominica
9%
Country Dominican Republic
9%
Country East Timor
9%
Country Ecuador
9%
Country El Salvador
9%
Country Equatorial Guinea
9%
Country Eritrea
9%
Country Estonia
9%
Country Eswatini
9%
Country Ethiopia
9%
Country Federated States of Micronesia
9%
Country Fiji
9%
Country Gabon
9%
Country Gambia
9%
Country Georgia
9%
Country Ghana
9%
Country Greece
9%
Country Grenada
9%
Country Guatemala
9%
Country Guinea
9%
Country Guinea-Bissau
9%
Country Guyana
9%
Country Haiti
9%
Country Honduras
9%
Country Hungary
9%
Country Iceland
9%
Country Indonesia
9%
Country Iran
9%
Country Iraq
9%
Country Israel
9%
Country Ivory Coast
9%
Country Jamaica
9%
Country Jordan
9%
Country Kazakhstan
9%
Country Kenya
9%
Country Kiribati
9%
Country Kosovo
9%
Country Kuwait
9%
Country Kyrgyzstan
9%
Country Laos
9%
Country Latvia
9%
Country Lebanon
9%
Country Lesotho
9%
Country Liberia
9%
Country Libya
9%
Country Liechtenstein
9%
Country Lithuania
9%
Country Luxembourg
9%
Country Madagascar
9%
Country Malawi
9%
Country Malaysia
9%
Country Maldives
9%
Country Mali
9%
Country Marshall Islands
9%
Country Mauritania
9%
Country Mauritius
9%
Country Moldova
9%
Country Monaco
9%
Country Montenegro
9%
Country Morocco
9%
Country Mozambique
9%
Country Myanmar
9%
Country Mystery Country (Kuwait)
9%
Country Mystery Country (Laos)
9%
Country Mystery Country (Philippines)
9%
Country Mystery Country (Saint Lucia)
9%
Country Namibia
9%
Country Nauru
9%
Country Nepal
9%
Country Netherlands
9%
Country New Zealand
9%
Country Nicaragua
9%
Country Nigeria
9%
Country North Korea
9%
Country North Macedonia
9%
Country Oman
9%
Country Pakistan
9%
Country Palau
9%
Country Panama
9%
Country Papua New Guinea
9%
Country Paraguay
9%
Country Peru
9%
Country Philippines
9%
Country Qatar
9%
Country Republic of the Congo
9%
Country Romania
9%
Country Rwanda
9%
Country Saint Kitts and Nevis
9%
Country Saint Lucia
9%
Country Saint Vincent and the Grenadines
9%
Country Samoa
9%
Country San Marino
9%
Country São Tomé and Principe
9%
Country Saudi Arabia
9%
Country Senegal
9%
Country Serbia
9%
Country Seychelles
9%
Country Sierra Leone
9%
Country Singapore
9%
Country Slovakia
9%
Country Slovenia
9%
Country Solomon Islands
9%
Country Somalia
9%
Country South Korea
9%
Country South Sudan
9%
Country Sri Lanka
9%
Country Sudan
9%
Country Suriname
9%
Country Switzerland
9%
Country Syria
9%
Country Taiwan
9%
Country Tajikistan
9%
Country Tanzania
9%
Country Thailand
9%
Country Togo
9%
Country Tonga
9%
Country Trinidad and Tobago
9%
Country Tunisia
9%
Country Turkmenistan
9%
Country Tuvalu
9%
Country Uganda
9%
Country United Arab Emirates
9%
Country Uruguay
9%
Country Uzbekistan
9%
Country Vanuatu
9%
Country Vatican City
9%
Country Venezuela
9%
Country Vietnam
9%
Country Yemen
9%
Country Zambia
9%
Country Zimbabwe
9%
Country Afghanistan
8%
Country Albania
8%
Country Algeria
8%
Country | Country | Country Andorra
8%
Country Angola
8%
Country Antigua and Barbuda
8%
Country Argentina
8%
Country Armenia
8%
Country Austria
8%
Country Azerbaijan
8%
Country Bahamas
8%
Country Bahrain
8%
Country Bangladesh
8%
Country Barbados
8%
Country Belarus
8%
Country Belgium
8%
Country Belize
8%
Country Benin
8%
Country Bhutan
8%
Country Bolivia
8%
Country Bosnia and Herzegovina
8%
Country Botswana
8%
Country Brunei
8%
Country Bulgaria
8%
Country Burkina Faso
8%
Country Burundi
8%
Country Cambodia
8%
Country Cameroon
8%
Country Cape Verde
8%
Country Central African Republic
8%
Country Chad
8%
Country Chile
8%
Country Colombia
8%
Country Comoros
8%
Country Costa Rica
8%
Country Croatia
8%
Country Cuba
8%
Country Cyprus
8%
Country Czechia
8%
Country Democratic Republic of the Congo
8%
Country Denmark
8%
Country Djibouti
8%
Country Dominica
8%
Country Dominican Republic
8%
Country East Timor
8%
Country Ecuador
8%
Country El Salvador
8%
Country Equatorial Guinea
8%
Country Eritrea
8%
Country Estonia
8%
Country Eswatini
8%
Country Ethiopia
8%
Country Federated States of Micronesia
8%
Country Fiji
8%
Country Gambia
8%
Country Georgia
8%
Country Ghana
8%
Country Greece
8%
Country Grenada
8%
Country Guatemala
8%
Country Guinea
8%
Country Guinea-Bissau
8%
Country Guyana
8%
Country Haiti
8%
Country Honduras
8%
Country Hungary
8%
Country Iceland
8%
Country Iran
8%
Country Iraq
8%
Country Ireland
8%
Country Israel
8%
Country Ivory Coast
8%
Country Jamaica
8%
Country Jordan
8%
Country Kenya
8%
Country Kiribati
8%
Country Kosovo
8%
Country Kuwait
8%
Country Kyrgyzstan
8%
Country Laos
8%
Country Latvia
8%
Country Lebanon
8%
Country Lesotho
8%
Country Liberia
8%
Country Libya
8%
Country Liechtenstein
8%
Country Lithuania
8%
Country Luxembourg
8%
Country Madagascar
8%
Country Malawi
8%
Country Malaysia
8%
Country Maldives
8%
Country Malta
8%
Country Marshall Islands
8%
Country Mauritania
8%
Country Mauritius
8%
Country Moldova
8%
Country Monaco
8%
Country Montenegro
8%
Country Morocco
8%
Country Mozambique
8%
Country Myanmar
8%
Country Mystery Country (Estonia)
8%
Country Mystery Country (Seychelles)
8%
Country Namibia
8%
Country Nauru
8%
Country Nepal
8%
Country Netherlands
8%
Country New Zealand
8%
Country Nicaragua
8%
Country Niger
8%
Country Nigeria
8%
Country North Korea
8%
Country North Macedonia
8%
Country Pakistan
8%
Country Palau
8%
Country Panama
8%
Country Papua New Guinea
8%
Country Paraguay
8%
Country Peru
8%
Country Philippines
8%
Country Qatar
8%
Country Republic of the Congo
8%
Country Romania
8%
Country Rwanda
8%
Country Saint Kitts and Nevis
8%
Country Saint Lucia
8%
Country Saint Vincent and the Grenadines
8%
Country Samoa
8%
Country San Marino
8%
Country São Tomé and Principe
8%
Country Senegal
8%
Country Serbia
8%
Country Seychelles
8%
Country Sierra Leone
8%
Country Singapore
8%
Country Slovakia
8%
Country Slovenia
8%
Country Solomon Islands
8%
Country South Sudan
8%
Country Sri Lanka
8%
Country Suriname
8%
Country Switzerland
8%
Country Syria
8%
Country Taiwan
8%
Country Tajikistan
8%
Country Tanzania
8%
Country Thailand
8%
Country Togo
8%
Country Tonga
8%
Country Trinidad and Tobago
8%
Country Tunisia
8%
Country Turkmenistan
8%
Country Tuvalu
8%
Country Uganda
8%
Country United Arab Emirates
8%
Country Uruguay
8%
Country Uzbekistan
8%
Country Vanuatu
8%
Country Vatican City
8%
Country Venezuela
8%
Country Vietnam
8%
Country Yemen
8%
Country Zambia
8%
Country Zimbabwe
8%
Country Afghanistan
7%
Country | Country Andorra
7%
Country Antigua and Barbuda
7%
Country Azerbaijan
7%
Country Bahamas
7%
Country Bahrain
7%
Country Bangladesh
7%
Country Barbados
7%
Country Belarus
7%
Country Belgium
7%
Country Belize
7%
Country Benin
7%
Country Bhutan
7%
Country Bolivia
7%
Country Bosnia and Herzegovina
7%
Country Brunei
7%
Country Bulgaria
7%
Country Burkina Faso
7%
Country Burundi
7%
Country Cameroon
7%
Country Cape Verde
7%
Country Central African Republic
7%
Country Chad
7%
Country Chile
7%
Country Comoros
7%
Country Costa Rica
7%
Country Croatia
7%
Country Cuba
7%
Country Cyprus
7%
Country Czechia
7%
Country Djibouti
7%
Country Dominica
7%
Country Dominican Republic
7%
Country East Timor
7%
Country Ecuador
7%
Country El Salvador
7%
Country Equatorial Guinea
7%
Country Eritrea
7%
Country Eswatini
7%
Country Ethiopia
7%
Country Federated States of Micronesia
7%
Country Fiji
7%
Country Gabon
7%
Country Gambia
7%
Country Georgia
7%
Country Ghana
7%
Country Greece
7%
Country Grenada
7%
Country Guatemala
7%
Country Guinea-Bissau
7%
Country Guyana
7%
Country Haiti
7%
Country Honduras
7%
Country Hungary
7%
Country Iraq
7%
Country Israel
7%
Country Ivory Coast
7%
Country Jamaica
7%
Country Jordan
7%
Country Kenya
7%
Country Kiribati
7%
Country Kosovo
7%
Country Kuwait
7%
Country Kyrgyzstan
7%
Country Latvia
7%
Country Lebanon
7%
Country Lesotho
7%
Country Liechtenstein
7%
Country Luxembourg
7%
Country Madagascar
7%
Country Malawi
7%
Country Maldives
7%
Country Mali
7%
Country Malta
7%
Country Marshall Islands
7%
Country Mauritania
7%
Country Mauritius
7%
Country Moldova
7%
Country Monaco
7%
Country Montenegro
7%
Country Morocco
7%
Country Mozambique
7%
Country Myanmar
7%
Country Mystery Country (Benin)
7%
Country Mystery Country (Gabon)
7%
Country Mystery Country (Guinea-Bissau)
7%
Country Mystery Country (Luxembourg)
7%
Country Mystery Country (Sri Lanka)
7%
Country Namibia
7%
Country Nauru
7%
Country Nepal
7%
Country Netherlands
7%
Country Nicaragua
7%
Country Niger
7%
Country North Macedonia
7%
Country Oman
7%
Country Palau
7%
Country Panama
7%
Country Papua New Guinea
7%
Country Paraguay
7%
Country Peru
7%
Country Philippines
7%
Country Qatar
7%
Country Republic of the Congo
7%
Country Saint Kitts and Nevis
7%
Country Saint Lucia
7%
Country Saint Vincent and the Grenadines
7%
Country Samoa
7%
Country San Marino
7%
Country São Tomé and Principe
7%
Country Senegal
7%
Country Serbia
7%
Country Seychelles
7%
Country Sierra Leone
7%
Country Singapore
7%
Country Slovakia
7%
Country Slovenia
7%
Country Solomon Islands
7%
Country Somalia
7%
Country South Korea
7%
Country South Sudan
7%
Country Sri Lanka
7%
Country Sudan
7%
Country Suriname
7%
Country Syria
7%
Country Taiwan
7%
Country Tajikistan
7%
Country Togo
7%
Country Tonga
7%
Country Trinidad and Tobago
7%
Country Tunisia
7%
Country Turkmenistan
7%
Country Tuvalu
7%
Country Uganda
7%
Country United Arab Emirates
7%
Country Uruguay
7%
Country Uzbekistan
7%
Country Vanuatu
7%
Country Vatican City
7%
Country Venezuela
7%
Country Vietnam
7%
Country Yemen
7%
Country Zambia
7%
Country Zimbabwe
7%
Country Afghanistan
6%
Country Andorra
6%
Country Angola
6%
Country Antigua and Barbuda
6%
Country Armenia
6%
Country Azerbaijan
6%
Country Bahamas
6%
Country Bahrain
6%
Country Bangladesh
6%
Country Barbados
6%
Country Belarus
6%
Country Belize
6%
Country Benin
6%
Country Bhutan
6%
Country Bosnia and Herzegovina
6%
Country Botswana
6%
Country Brunei
6%
Country Burkina Faso
6%
Country Burundi
6%
Country Cambodia
6%
Country Cameroon
6%
Country Cape Verde
6%
Country Central African Republic
6%
Country Chile
6%
Country Comoros
6%
Country Costa Rica
6%
Country Cuba
6%
Country Cyprus
6%
Country Djibouti
6%
Country Dominica
6%
Country Dominican Republic
6%
Country East Timor
6%
Country Ecuador
6%
Country El Salvador
6%
Country Equatorial Guinea
6%
Country Eritrea
6%
Country Estonia
6%
Country Eswatini
6%
Country Ethiopia
6%
Country Federated States of Micronesia
6%
Country Fiji
6%
Country Gabon
6%
Country Gambia
6%
Country Georgia
6%
Country Ghana
6%
Country Grenada
6%
Country Guatemala
6%
Country Guinea
6%
Country Guinea-Bissau
6%
Country Guyana
6%
Country Haiti
6%
Country Honduras
6%
Country Israel
6%
Country Ivory Coast
6%
Country Jamaica
6%
Country Jordan
6%
Country Kenya
6%
Country Kiribati
6%
Country Kosovo
6%
Country Kuwait
6%
Country Kyrgyzstan
6%
Country Lebanon
6%
Country Lesotho
6%
Country Liberia
6%
Country Libya
6%
Country Liechtenstein
6%
Country Lithuania
6%
Country Madagascar
6%
Country Malawi
6%
Country Malaysia
6%
Country Maldives
6%
Country Malta
6%
Country Marshall Islands
6%
Country Mauritania
6%
Country Mauritius
6%
Country Moldova
6%
Country Monaco
6%
Country Montenegro
6%
Country Mozambique
6%
Country Myanmar
6%
Country Mystery Country (Botswana)
6%
Country Mystery Country (Central African Republic)
6%
Country Mystery Country (Eritrea)
6%
Country Mystery Country (Ghana)
6%
Country Mystery Country (Yemen)
6%
Country Nauru
6%
Country New Zealand
6%
Country Nicaragua
6%
Country Nigeria
6%
Country North Korea
6%
Country North Macedonia
6%
Country Oman
6%
Country Palau
6%
Country Panama
6%
Country Papua New Guinea
6%
Country Paraguay
6%
Country Peru
6%
Country Philippines
6%
Country Qatar
6%
Country Romania
6%
Country Rwanda
6%
Country Saint Kitts and Nevis
6%
Country Saint Lucia
6%
Country Saint Vincent and the Grenadines
6%
Country Samoa
6%
Country San Marino
6%
Country São Tomé and Principe
6%
Country Senegal
6%
Country Seychelles
6%
Country Sierra Leone
6%
Country Singapore
6%
Country Solomon Islands
6%
Country South Sudan
6%
Country Sri Lanka
6%
Country Sudan
6%
Country Suriname
6%
Country Switzerland
6%
Country Syria
6%
Country Taiwan
6%
Country Tajikistan
6%
Country Tanzania
6%
Country Togo
6%
Country Tonga
6%
Country Trinidad and Tobago
6%
Country Turkmenistan
6%
Country Tuvalu
6%
Country Uganda
6%
Country United Arab Emirates
6%
Country Uruguay
6%
Country Uzbekistan
6%
Country Vanuatu
6%
Country Vatican City
6%
Country Venezuela
6%
Country Yemen
6%
Country Zambia
6%
Country Zimbabwe
6%
Country Albania
5%
Country Angola
5%
Country Azerbaijan
5%
Country Bahamas
5%
Country Bahrain
5%
Country Barbados
5%
Country Belarus
5%
Country Belize
5%
Country Benin
5%
Country Bolivia
5%
Country Bosnia and Herzegovina
5%
Country Botswana
5%
Country Brunei
5%
Country Burkina Faso
5%
Country Burundi
5%
Country Cameroon
5%
Country Cape Verde
5%
Country Central African Republic
5%
Country Comoros
5%
Country Costa Rica
5%
Country Croatia
5%
Country Cuba
5%
Country Cyprus
5%
Country Czechia
5%
Country Djibouti
5%
Country Dominica
5%
Country Dominican Republic
5%
Country East Timor
5%
Country Ecuador
5%
Country El Salvador
5%
Country Equatorial Guinea
5%
Country Eritrea
5%
Country Eswatini
5%
Country Ethiopia
5%
Country Federated States of Micronesia
5%
Country Gabon
5%
Country Ghana
5%
Country Grenada
5%
Country Guatemala
5%
Country Guinea
5%
Country Guinea-Bissau
5%
Country Guyana
5%
Country Haiti
5%
Country Honduras
5%
Country Hungary
5%
Country Iceland
5%
Country Ivory Coast
5%
Country Jamaica
5%
Country Jordan
5%
Country Kenya
5%
Country Kiribati
5%
Country Kosovo
5%
Country Kuwait
5%
Country Kyrgyzstan
5%
Country Lebanon
5%
Country Lesotho
5%
Country Liberia
5%
Country Liechtenstein
5%
Country Luxembourg
5%
Country Madagascar
5%
Country Malawi
5%
Country Maldives
5%
Country Mali
5%
Country Malta
5%
Country Marshall Islands
5%
Country Mauritius
5%
Country Monaco
5%
Country Montenegro
5%
Country Mozambique
5%
Country Mystery Country (North Macedonia)
5%
Country Mystery Country (Tanzania)
5%
Country Namibia
5%
Country Nauru
5%
Country Nicaragua
5%
Country Nigeria
5%
Country Palau
5%
Country Papua New Guinea
5%
Country Paraguay
5%
Country Qatar
5%
Country Saint Kitts and Nevis
5%
Country Saint Lucia
5%
Country Saint Vincent and the Grenadines
5%
Country Samoa
5%
Country San Marino
5%
Country São Tomé and Principe
5%
Country Senegal
5%
Country Serbia
5%
Country Seychelles
5%
Country Sierra Leone
5%
Country Singapore
5%
Country Slovakia
5%
Country Slovenia
5%
Country Solomon Islands
5%
Country Somalia
5%
Country South Sudan
5%
Country Sri Lanka
5%
Country Suriname
5%
Country Taiwan
5%
Country Tajikistan
5%
Country Tanzania
5%
Country Trinidad and Tobago
5%
Country Tunisia
5%
Country Turkmenistan
5%
Country Tuvalu
5%
Country Uganda
5%
Country Uzbekistan
5%
Country Vanuatu
5%
Country Vatican City
5%
Country Venezuela
5%
Country Zimbabwe
5%
Country Andorra
4%
Country Antigua and Barbuda
4%
Country Bahamas
4%
Country Bahrain
4%
Country Barbados
4%
Country Belize
4%
Country Benin
4%
Country Botswana
4%
Country Brunei
4%
Country Bulgaria
4%
Country Burkina Faso
4%
Country Burundi
4%
Country Cameroon
4%
Country Cape Verde
4%
Country Comoros
4%
Country Costa Rica
4%
Country Cyprus
4%
Country Djibouti
4%
Country Dominica
4%
Country East Timor
4%
Country Ecuador
4%
Country El Salvador
4%
Country Equatorial Guinea
4%
Country Eritrea
4%
Country Eswatini
4%
Country Federated States of Micronesia
4%
Country Gabon
4%
Country Gambia
4%
Country Grenada
4%
Country Guatemala
4%
Country Guinea
4%
Country Guinea-Bissau
4%
Country Guyana
4%
Country Haiti
4%
Country Honduras
4%
Country Ivory Coast
4%
Country Kiribati
4%
Country Kosovo
4%
Country Liechtenstein
4%
Country Luxembourg
4%
Country Madagascar
4%
Country Malawi
4%
Country Maldives
4%
Country Marshall Islands
4%
Country Mauritania
4%
Country Mauritius
4%
Country Moldova
4%
Country Monaco
4%
Country Montenegro
4%
Country Mozambique
4%
Country Mystery Country (Tunisia)
4%
Country Mystery Country (Vatican City)
4%
Country Namibia
4%
Country Nauru
4%
Country Nicaragua
4%
Country North Macedonia
4%
Country Palau
4%
Country Papua New Guinea
4%
Country Paraguay
4%
Country Qatar
4%
Country Rwanda
4%
Country Saint Kitts and Nevis
4%
Country Saint Lucia
4%
Country Saint Vincent and the Grenadines
4%
Country Samoa
4%
Country San Marino
4%
Country São Tomé and Principe
4%
Country Senegal
4%
Country Seychelles
4%
Country Sierra Leone
4%
Country Solomon Islands
4%
Country South Sudan
4%
Country Suriname
4%
Country Tanzania
4%
Country Togo
4%
Country Tonga
4%
Country Trinidad and Tobago
4%
Country Tuvalu
4%
Country Uganda
4%
Country Uruguay
4%
Country Vanuatu
4%
Country Vatican City
4%
Country Venezuela
4%
Country Zambia
4%
Country Zimbabwe
4%
Country Antigua and Barbuda
3%
Country Barbados
3%
Country Cape Verde
3%
Country Equatorial Guinea
3%
Country Grenada
3%
Country Guinea-Bissau
3%
Country Mauritania
3%
Country Mauritius
3%
Country Mystery Country (Lebanon)
3%
Country Saint Kitts and Nevis
3%
Country Saint Lucia
3%
Country Saint Vincent and the Grenadines
3%
Country São Tomé and Principe
3%
Country Solomon Islands
3%
No matching quizzes found
Score Distribution
Percent of People with Each Score
Percentile by Number Answered
Your Score History
You have not taken this quiz